{"text_format":"3","workbook":"xlsx","n_sheets":3,"sheets":["Macros","FABRICATION","FABRICATION_REPORT"],"not_rendered":{"macros":1},"read":"whole","date_system":"1900"}

{"sheet":"Macros","index":0,"n_rows":6,"n_cols":2,"rows_kept":6,"merged":[[1,1,1,5]]}
[]
[null,"Generador de Reportes de Yield por Grupo"]
[]
[null,"1. Asegúrate de que el archivo contenga una hoja llamada 'FABRICATION'."]
[null,"2. Da clic en el botón 'Generar Resumen' para crear el reporte."]
[null,"3. Usa 'Limpiar Resumen' si deseas borrar el reporte generado."]

{"sheet":"FABRICATION","index":1,"n_rows":91,"n_cols":24,"rows_kept":91}
["FAB YIELD REPORT",{"$nulls":4},"OWNER:","ABR"]
[{"$nulls":5},"Begin Date:","2/17/2026 12:00 AM"]
["REVENUE",{"$nulls":4},"End Date:","2/17/2026 11:59 PM"]
["Red Meat Margin Cutout / cwt:",{"v":29.81,"d":"$29.81"},"  ** Only for Red Meat"]
["Edible Bone and Fat Cutout /cwt:",{"v":0,"d":"$0.00"},"  ** Only for Edible Bone and Fat"]
["Total Cut Out /cwt:",{"v":29.81,"d":"$29.81"}]
["Total Cut Out:",{"v":0.3,"d":"$0.30"}]
[]
["CARCASS DATA",null,"PRODUCTION DATA"]
["#Sides:",90,null,"Weight","Yield%","Extended Price"]
["Total Fab Wt:",{"v":50803.8,"d":"50,804"},"Total Fab:",{"v":35974.3,"d":"35,974.30"},{"v":0.7081025435105248,"d":"70.810%"},{"v":15143.4641,"d":"$15,143.46"}]
["Avg Side Fab Wt:",564.49,"Red Meat:",{"v":35877.3,"d":"35,877.30"},{"v":0.7061932375137293,"d":"70.619%"},{"v":15143.4641,"d":"$15,143.46"}]
["Avg Carcass Hot Wt:",{"v":1131.66,"d":"1,131.66"},"Edible Bone & Fat:",{"v":97,"d":"97.00"},{"v":1.9093059967955153E-3,"d":"0.191%"},{"v":0,"d":"$0.00"}]
["Avg Side Hot Wt:",565.83,"Inedible:",{"v":14755,"d":"14,755"},{"v":0.29043796920702786,"d":"29.044%"}]
["Avg Side Shrink:",{"v":1.3422222222222222,"d":"1.34"},"Cutting Loss (0.5%):",74,{"v":0.001452189846035139,"d":"0.145%"}]
["Avg Side Shrink%:",{"v":0.002372134489028878,"d":"0.2372%"}]
[]
["YieldGroup","SideWt","Date","FO","AltCode","ProductCode","Description","UOM","Pcs/Box","Cases","TotalPcs","NetWt","AvgPcWt","ActualYield","StdYield","YieldVar","Pcs/Head","Wt/Head","Wt/Side","ProductSides","Price","PerSideVar$","TotalVar$","ExtPrice"]
["BRISKET",{"v":564.487,"d":"564.49"},"2026-02-17","ABR","","61815-1-ABR","WAGYU 120 BRISKET ","LB",2,22,44,{"v":644.9,"d":"644.90"},{"$f":"IF(K19=0,0,L19/K19)","v":{"v":14.656818181818181,"d":"14.66"}},{"$f":"IF(B19=0,0,S19/B19)","v":{"v":0.02596484627957452,"d":"2.5965%"}},{"v":0.02896,"d":"2.8960%"},{"$f":"IF(B19=0,0,N19-O19)","v":{"v":-0.00299515372042548,"d":"(0.2995%)"}},2,{"$f":"IF(B19=0,0,Q19*M19)","v":{"v":29.313636363636363,"d":"29.3136"}},{"$f":"IF(B19=0,0,R19/2)","v":{"v":14.656818181818181,"d":"14.6568"}},{"$f":"IF(B19=0,0,K19/Q19*2)","v":44},{"v":0,"d":"$0.00"},{"$f":"IF(B19=0,0,P19*U19*B19)","v":{"v":0,"d":"$0.00"}},{"$f":"IF(B19=0,0,V19*T19)","v":{"v":0,"d":"$0.00"}},{"$f":"IF(H19=\"LB\",U19*L19,U19*J19)","v":{"v":0,"d":"$0.00"}}]
["BRISKET",{"v":564.487,"d":"564.49"},"2026-02-17","ABR","","71815-1-ABR","WAGYU 120 BRISKET ","LB",2,15,30,{"v":471.4,"d":"471.40"},{"$f":"IF(K20=0,0,L20/K20)","v":{"v":15.713333333333333,"d":"15.71"}},{"$f":"IF(B20=0,0,S20/B20)","v":{"v":0.02783648398162107,"d":"2.7836%"}},{"v":0.02896,"d":"2.8960%"},{"$f":"IF(B20=0,0,N20-O20)","v":{"v":-1.1235160183789283E-3,"d":"(0.1124%)"}},2,{"$f":"IF(B20=0,0,Q20*M20)","v":{"v":31.426666666666666,"d":"31.4267"}},{"$f":"IF(B20=0,0,R20/2)","v":{"v":15.713333333333333,"d":"15.7133"}},{"$f":"IF(B20=0,0,K20/Q20*2)","v":30},{"v":0,"d":"$0.00"},{"$f":"IF(B20=0,0,P20*U20*B20)","v":{"v":0,"d":"$0.00"}},{"$f":"IF(B20=0,0,V20*T20)","v":{"v":0,"d":"$0.00"}},{"$f":"IF(H20=\"LB\",U20*L20,U20*J20)","v":{"v":0,"d":"$0.00"}}]
["BRISKET",{"v":564.487,"d":"564.49"},"2026-02-17","ABR","","81815-1MX-ABR","WAGYU 120 BRISKET ","LB",2,5,10,{"v":140.1,"d":"140.10"},{"$f":"IF(K21=0,0,L21/K21)","v":14.01},{"$f":"IF(B21=0,0,S21/B21)","v":{"v":0.024818994945853493,"d":"2.4819%"}},{"v":0.02896,"d":"2.8960%"},{"$f":"IF(B21=0,0,N21-O21)","v":{"v":-0.004141005054146506,"d":"(0.4141%)"}},2,{"$f":"IF(B21=0,0,Q21*M21)","v":{"v":28.02,"d":"28.0200"}},{"$f":"IF(B21=0,0,R21/2)","v":{"v":14.01,"d":"14.0100"}},{"$f":"IF(B21=0,0,K21/Q21*2)","v":10},{"v":0,"d":"$0.00"},{"$f":"IF(B21=0,0,P21*U21*B21)","v":{"v":0,"d":"$0.00"}},{"$f":"IF(B21=0,0,V21*T21)","v":{"v":0,"d":"$0.00"}},{"$f":"IF(H21=\"LB\",U21*L21,U21*J21)","v":{"v":0,"d":"$0.00"}}]
["BRISKET",{"v":564.487,"d":"564.49"},"2026-02-17","ABR","","91815-1-ABR","WAGYU 120 BRISKET ","LB",2,1,2,{"v":27.2,"d":"27.20"},{"$f":"IF(K22=0,0,L22/K22)","v":{"v":13.6,"d":"13.60"}},{"$f":"IF(B22=0,0,S22/B22)","v":{"v":0.024092671753291044,"d":"2.4093%"}},{"v":0.02896,"d":"2.8960%"},{"$f":"IF(B22=0,0,N22-O22)","v":{"v":-4.867328246708956E-3,"d":"(0.4867%)"}},2,{"$f":"IF(B22=0,0,Q22*M22)","v":{"v":27.2,"d":"27.2000"}},{"$f":"IF(B22=0,0,R22/2)","v":{"v":13.6,"d":"13.6000"}},{"$f":"IF(B22=0,0,K22/Q22*2)","v":2},{"v":0,"d":"$0.00"},{"$f":"IF(B22=0,0,P22*U22*B22)","v":{"v":0,"d":"$0.00"}},{"$f":"IF(B22=0,0,V22*T22)","v":{"v":0,"d":"$0.00"}},{"$f":"IF(H22=\"LB\",U22*L22,U22*J22)","v":{"v":0,"d":"$0.00"}}]
["BRISKET",{"v":564.487,"d":"564.49"},"2026-02-17","ABR","","72035-3-ABR","WAGYU BBQ BRISKET 6PC ","LB",6,1,6,{"v":54.1,"d":"54.10"},{"$f":"IF(K23=0,0,L23/K23)","v":{"v":9.016666666666667,"d":"9.02"}},{"$f":"IF(B23=0,0,S23/B23)","v":{"v":0.015973205169767715,"d":"1.5973%"}},{"v":0.0147,"d":"1.4700%"},{"$f":"IF(B23=0,0,N23-O23)","v":{"v":1.273205169767715E-3,"d":"0.1273%"}},2,{"$f":"IF(B23=0,0,Q23*M23)","v":{"v":18.033333333333335,"d":"18.0333"}},{"$f":"IF(B23=0,0,R23/2)","v":{"v":9.016666666666667,"d":"9.0167"}},{"$f":"IF(B23=0,0,K23/Q23*2)","v":6},{"v":0,"d":"$0.00"},{"$f":"IF(B23=0,0,P23*U23*B23)","v":{"v":0,"d":"$0.00"}},{"$f":"IF(B23=0,0,V23*T23)","v":{"v":0,"d":"$0.00"}},{"$f":"IF(H23=\"LB\",U23*L23,U23*J23)","v":{"v":0,"d":"$0.00"}}]
["CHUCK",{"v":564.487,"d":"564.49"},"2026-02-17","ABR","","61655-1-ABR","WAGYU CHUCK EYE ROLL 1x1 ","LB",2,25,50,{"v":1360.9,"d":"1,360.90"},{"$f":"IF(K24=0,0,L24/K24)","v":{"v":27.218000000000004,"d":"27.22"}},{"$f":"IF(B24=0,0,S24/B24)","v":{"v":0.04821723086625557,"d":"4.8217%"}},{"v":0.0409,"d":"4.0900%"},{"$f":"IF(B24=0,0,N24-O24)","v":{"v":0.007317230866255568,"d":"0.7317%"}},2,{"$f":"IF(B24=0,0,Q24*M24)","v":{"v":54.43600000000001,"d":"54.4360"}},{"$f":"IF(B24=0,0,R24/2)","v":{"v":27.218000000000004,"d":"27.2180"}},{"$f":"IF(B24=0,0,K24/Q24*2)","v":50},{"v":0,"d":"$0.00"},{"$f":"IF(B24=0,0,P24*U24*B24)","v":{"v":0,"d":"$0.00"}},{"$f":"IF(B24=0,0,V24*T24)","v":{"v":0,"d":"$0.00"}},{"$f":"IF(H24=\"LB\",U24*L24,U24*J24)","v":{"v":0,"d":"$0.00"}}]
["CHUCK",{"v":564.487,"d":"564.49"},"2026-02-17","ABR","","71655-1-ABR","WAGYU CHUCK EYE ROLL 1x1 ","LB",2,15,30,{"v":803.3,"d":"803.30"},{"$f":"IF(K25=0,0,L25/K25)","v":{"v":26.776666666666664,"d":"26.78"}},{"$f":"IF(B25=0,0,S25/B25)","v":{"v":0.04743540004759483,"d":"4.7435%"}},{"v":0.0409,"d":"4.0900%"},{"$f":"IF(B25=0,0,N25-O25)","v":{"v":6.5354000475948346E-3,"d":"0.6535%"}},2,{"$f":"IF(B25=0,0,Q25*M25)","v":{"v":53.55333333333333,"d":"53.5533"}},{"$f":"IF(B25=0,0,R25/2)","v":{"v":26.776666666666664,"d":"26.7767"}},{"$f":"IF(B25=0,0,K25/Q25*2)","v":30},{"v":0,"d":"$0.00"},{"$f":"IF(B25=0,0,P25*U25*B25)","v":{"v":0,"d":"$0.00"}},{"$f":"IF(B25=0,0,V25*T25)","v":{"v":0,"d":"$0.00"}},{"$f":"IF(H25=\"LB\",U25*L25,U25*J25)","v":{"v":0,"d":"$0.00"}}]
["CHUCK",{"v":564.487,"d":"564.49"},"2026-02-17","ABR","","81655-1-ABR","WAGYU CHUCK EYE ROLL 1x1 ","LB",2,5,10,{"v":256.3,"d":"256.30"},{"$f":"IF(K26=0,0,L26/K26)","v":{"v":25.630000000000003,"d":"25.63"}},{"$f":"IF(B26=0,0,S26/B26)","v":{"v":0.04540405713506246,"d":"4.5404%"}},{"v":0.0409,"d":"4.0900%"},{"$f":"IF(B26=0,0,N26-O26)","v":{"v":4.50405713506246E-3,"d":"0.4504%"}},2,{"$f":"IF(B26=0,0,Q26*M26)","v":{"v":51.260000000000005,"d":"51.2600"}},{"$f":"IF(B26=0,0,R26/2)","v":{"v":25.630000000000003,"d":"25.6300"}},{"$f":"IF(B26=0,0,K26/Q26*2)","v":10},{"v":0,"d":"$0.00"},{"$f":"IF(B26=0,0,P26*U26*B26)","v":{"v":0,"d":"$0.00"}},{"$f":"IF(B26=0,0,V26*T26)","v":{"v":0,"d":"$0.00"}},{"$f":"IF(H26=\"LB\",U26*L26,U26*J26)","v":{"v":0,"d":"$0.00"}}]
["CHUCK",{"v":564.487,"d":"564.49"},"2026-02-17","ABR","","91655-1-ABR","WAGYU CHUCK EYE ROLL 1x1 ","LB",2,1,2,{"v":53.3,"d":"53.30"},{"$f":"IF(K27=0,0,L27/K27)","v":26.65},{"$f":"IF(B27=0,0,S27/B27)","v":{"v":0.04721100751655928,"d":"4.7211%"}},{"v":0.0409,"d":"4.0900%"},{"$f":"IF(B27=0,0,N27-O27)","v":{"v":0.006311007516559282,"d":"0.6311%"}},2,{"$f":"IF(B27=0,0,Q27*M27)","v":{"v":53.3,"d":"53.3000"}},{"$f":"IF(B27=0,0,R27/2)","v":{"v":26.65,"d":"26.6500"}},{"$f":"IF(B27=0,0,K27/Q27*2)","v":2},{"v":0,"d":"$0.00"},{"$f":"IF(B27=0,0,P27*U27*B27)","v":{"v":0,"d":"$0.00"}},{"$f":"IF(B27=0,0,V27*T27)","v":{"v":0,"d":"$0.00"}},{"$f":"IF(H27=\"LB\",U27*L27,U27*J27)","v":{"v":0,"d":"$0.00"}}]
["CHUCK THIN MEATS - SHORT RIB",{"v":564.487,"d":"564.49"},"2026-02-17","ABR","","13042-3-BAJA","CHUCK SHORT RIB 12PC PR","LB",12,4,48,{"v":240,"d":"240.00"},{"$f":"IF(K28=0,0,L28/K28)","v":{"v":5,"d":"5.00"}},{"$f":"IF(B28=0,0,S28/B28)","v":{"v":0.008857599909298177,"d":"0.8858%"}},{"v":0.0089,"d":"0.8900%"},{"$f":"IF(B28=0,0,N28-O28)","v":{"v":-4.2400090701822518E-5,"d":"(0.0042%)"}},2,{"$f":"IF(B28=0,0,Q28*M28)","v":{"v":10,"d":"10.0000"}},{"$f":"IF(B28=0,0,R28/2)","v":{"v":5,"d":"5.0000"}},{"$f":"IF(B28=0,0,K28/Q28*2)","v":48},{"v":2.98,"d":"$2.98"},{"$f":"IF(B28=0,0,P28*U28*B28)","v":{"v":-0.07132421399999907,"d":"($0.07)"}},{"$f":"IF(B28=0,0,V28*T28)","v":{"v":-3.4235622719999554,"d":"($3.42)"}},{"$f":"IF(H28=\"LB\",U28*L28,U28*J28)","v":{"v":715.2,"d":"$715.20"}}]
["CHUCK THIN MEATS - SHORT RIB",{"v":564.487,"d":"564.49"},"2026-02-17","ABR","","23042-3-BAJA","CHUCK SHORT RIB 12PC CH","LB",12,4,48,{"v":231.5,"d":"231.50"},{"$f":"IF(K29=0,0,L29/K29)","v":{"v":4.822916666666667,"d":"4.82"}},{"$f":"IF(B29=0,0,S29/B29)","v":{"v":0.008543893245843868,"d":"0.8544%"}},{"v":0.0089,"d":"0.8900%"},{"$f":"IF(B29=0,0,N29-O29)","v":{"v":-3.5610675415613177E-4,"d":"(0.0356%)"}},2,{"$f":"IF(B29=0,0,Q29*M29)","v":{"v":9.645833333333334,"d":"9.6458"}},{"$f":"IF(B29=0,0,R29/2)","v":{"v":4.822916666666667,"d":"4.8229"}},{"$f":"IF(B29=0,0,K29/Q29*2)","v":48},{"v":2.9844,"d":"$2.98"},{"$f":"IF(B29=0,0,P29*U29*B29)","v":{"v":-0.599917024919997,"d":"($0.60)"}},{"$f":"IF(B29=0,0,V29*T29)","v":{"v":-28.796017196159855,"d":"($28.80)"}},{"$f":"IF(H29=\"LB\",U29*L29,U29*J29)","v":{"v":690.8886,"d":"$690.89"}}]
["CHUCK THIN MEATS - TAIL FLAP",{"v":564.487,"d":"564.49"},"2026-02-17","ABR","","61845-1-ABR","WAGYU CHUCK TAIL FLAP 16PC ","LB",16,5,80,{"v":175.8,"d":"175.80"},{"$f":"IF(K30=0,0,L30/K30)","v":{"v":2.1975000000000002,"d":"2.20"}},{"$f":"IF(B30=0,0,S30/B30)","v":{"v":3.8929151601365493E-3,"d":"0.3893%"}},{"v":0.00492,"d":"0.4920%"},{"$f":"IF(B30=0,0,N30-O30)","v":{"v":-1.0270848398634506E-3,"d":"(0.1027%)"}},2,{"$f":"IF(B30=0,0,Q30*M30)","v":{"v":4.3950000000000005,"d":"4.3950"}},{"$f":"IF(B30=0,0,R30/2)","v":{"v":2.1975000000000002,"d":"2.1975"}},{"$f":"IF(B30=0,0,K30/Q30*2)","v":80},{"v":0,"d":"$0.00"},{"$f":"IF(B30=0,0,P30*U30*B30)","v":{"v":0,"d":"$0.00"}},{"$f":"IF(B30=0,0,V30*T30)","v":{"v":0,"d":"$0.00"}},{"$f":"IF(H30=\"LB\",U30*L30,U30*J30)","v":{"v":0,"d":"$0.00"}}]
["CHUCK THIN MEATS - TAIL FLAP",{"v":564.487,"d":"564.49"},"2026-02-17","ABR","","71845-1-ABR","WAGYU CHUCK TAIL FLAP 16PC ","LB",16,3,48,{"v":82.9,"d":"82.90"},{"$f":"IF(K31=0,0,L31/K31)","v":{"v":1.7270833333333335,"d":"1.73"}},{"$f":"IF(B31=0,0,S31/B31)","v":{"v":0.003059562635336746,"d":"0.3060%"}},{"v":0.00492,"d":"0.4920%"},{"$f":"IF(B31=0,0,N31-O31)","v":{"v":-1.860437364663254E-3,"d":"(0.1860%)"}},2,{"$f":"IF(B31=0,0,Q31*M31)","v":{"v":3.454166666666667,"d":"3.4542"}},{"$f":"IF(B31=0,0,R31/2)","v":{"v":1.7270833333333335,"d":"1.7271"}},{"$f":"IF(B31=0,0,K31/Q31*2)","v":48},{"v":0,"d":"$0.00"},{"$f":"IF(B31=0,0,P31*U31*B31)","v":{"v":0,"d":"$0.00"}},{"$f":"IF(B31=0,0,V31*T31)","v":{"v":0,"d":"$0.00"}},{"$f":"IF(H31=\"LB\",U31*L31,U31*J31)","v":{"v":0,"d":"$0.00"}}]
["CLOD",{"v":564.487,"d":"564.49"},"2026-02-17","ABR","","81433-1-ABR","WAGYU XT SHOULDER CLOD 3PC PR","LB",3,7,21,{"v":486,"d":"486.00"},{"$f":"IF(K32=0,0,L32/K32)","v":{"v":23.142857142857142,"d":"23.14"}},{"$f":"IF(B32=0,0,S32/B32)","v":{"v":0.04099803386589442,"d":"4.0998%"}},{"v":0.0534,"d":"5.3400%"},{"$f":"IF(B32=0,0,N32-O32)","v":{"v":-0.012401966134105581,"d":"(1.2402%)"}},2,{"$f":"IF(B32=0,0,Q32*M32)","v":{"v":46.285714285714285,"d":"46.2857"}},{"$f":"IF(B32=0,0,R32/2)","v":{"v":23.142857142857142,"d":"23.1429"}},{"$f":"IF(B32=0,0,K32/Q32*2)","v":21},{"v":0,"d":"$0.00"},{"$f":"IF(B32=0,0,P32*U32*B32)","v":{"v":0,"d":"$0.00"}},{"$f":"IF(B32=0,0,V32*T32)","v":{"v":0,"d":"$0.00"}},{"$f":"IF(H32=\"LB\",U32*L32,U32*J32)","v":{"v":0,"d":"$0.00"}}]
["CLOD",{"v":564.487,"d":"564.49"},"2026-02-17","ABR","","61465-1-ABR","WAGYU CLOD HEART 4PC","LB",4,11,44,{"v":481.2,"d":"481.20"},{"$f":"IF(K33=0,0,L33/K33)","v":{"v":10.936363636363636,"d":"10.94"}},{"$f":"IF(B33=0,0,S33/B33)","v":{"v":0.019373986710701285,"d":"1.9374%"}},{"v":0.0229,"d":"2.2900%"},{"$f":"IF(B33=0,0,N33-O33)","v":{"v":-0.003526013289298715,"d":"(0.3526%)"}},2,{"$f":"IF(B33=0,0,Q33*M33)","v":{"v":21.87272727272727,"d":"21.8727"}},{"$f":"IF(B33=0,0,R33/2)","v":{"v":10.936363636363636,"d":"10.9364"}},{"$f":"IF(B33=0,0,K33/Q33*2)","v":44},{"v":0,"d":"$0.00"},{"$f":"IF(B33=0,0,P33*U33*B33)","v":{"v":0,"d":"$0.00"}},{"$f":"IF(B33=0,0,V33*T33)","v":{"v":0,"d":"$0.00"}},{"$f":"IF(H33=\"LB\",U33*L33,U33*J33)","v":{"v":0,"d":"$0.00"}}]
["CLOD",{"v":564.487,"d":"564.49"},"2026-02-17","ABR","","71465-1-ABR","WAGYU CLOD HEART 4PC","LB",4,6,24,{"v":274.2,"d":"274.20"},{"$f":"IF(K34=0,0,L34/K34)","v":{"v":11.424999999999999,"d":"11.43"}},{"$f":"IF(B34=0,0,S34/B34)","v":{"v":0.020239615792746333,"d":"2.0240%"}},{"v":0.0229,"d":"2.2900%"},{"$f":"IF(B34=0,0,N34-O34)","v":{"v":-2.6603842072536674E-3,"d":"(0.2660%)"}},2,{"$f":"IF(B34=0,0,Q34*M34)","v":{"v":22.849999999999998,"d":"22.8500"}},{"$f":"IF(B34=0,0,R34/2)","v":{"v":11.424999999999999,"d":"11.4250"}},{"$f":"IF(B34=0,0,K34/Q34*2)","v":24},{"v":0,"d":"$0.00"},{"$f":"IF(B34=0,0,P34*U34*B34)","v":{"v":0,"d":"$0.00"}},{"$f":"IF(B34=0,0,V34*T34)","v":{"v":0,"d":"$0.00"}},{"$f":"IF(H34=\"LB\",U34*L34,U34*J34)","v":{"v":0,"d":"$0.00"}}]
["CLOD THIN MEATS - TERES MAJOR",{"v":564.487,"d":"564.49"},"2026-02-17","ABR","","81475-1-ABR","WAGYU TERES MAJOR 16PC","LB",16,5,80,{"v":72.1,"d":"72.10"},{"$f":"IF(K35=0,0,L35/K35)","v":{"v":0.9012499999999999,"d":"0.90"}},{"$f":"IF(B35=0,0,S35/B35)","v":{"v":1.5965823836509962E-3,"d":"0.1597%"}},{"v":0.00143,"d":"0.1430%"},{"$f":"IF(B35=0,0,N35-O35)","v":{"v":1.6658238365099614E-4,"d":"0.0167%"}},2,{"$f":"IF(B35=0,0,Q35*M35)","v":{"v":1.8024999999999998,"d":"1.8025"}},{"$f":"IF(B35=0,0,R35/2)","v":{"v":0.9012499999999999,"d":"0.9013"}},{"$f":"IF(B35=0,0,K35/Q35*2)","v":80},{"v":0,"d":"$0.00"},{"$f":"IF(B35=0,0,P35*U35*B35)","v":{"v":0,"d":"$0.00"}},{"$f":"IF(B35=0,0,V35*T35)","v":{"v":0,"d":"$0.00"}},{"$f":"IF(H35=\"LB\",U35*L35,U35*J35)","v":{"v":0,"d":"$0.00"}}]
["CLOD THIN MEATS - TOP BLADE",{"v":564.487,"d":"564.49"},"2026-02-17","ABR","","61495-1-ABR","WAGYU TOP BLADE","LB",5,8,40,{"v":223.4,"d":"223.40"},{"$f":"IF(K36=0,0,L36/K36)","v":{"v":5.585,"d":"5.59"}},{"$f":"IF(B36=0,0,S36/B36)","v":{"v":0.009893939098686064,"d":"0.9894%"}},{"v":0.0122,"d":"1.2200%"},{"$f":"IF(B36=0,0,N36-O36)","v":{"v":-0.002306060901313937,"d":"(0.2306%)"}},2,{"$f":"IF(B36=0,0,Q36*M36)","v":{"v":11.17,"d":"11.1700"}},{"$f":"IF(B36=0,0,R36/2)","v":{"v":5.585,"d":"5.5850"}},{"$f":"IF(B36=0,0,K36/Q36*2)","v":40},{"v":0,"d":"$0.00"},{"$f":"IF(B36=0,0,P36*U36*B36)","v":{"v":0,"d":"$0.00"}},{"$f":"IF(B36=0,0,V36*T36)","v":{"v":0,"d":"$0.00"}},{"$f":"IF(H36=\"LB\",U36*L36,U36*J36)","v":{"v":0,"d":"$0.00"}}]
["CLOD THIN MEATS - TOP BLADE",{"v":564.487,"d":"564.49"},"2026-02-17","ABR","","71495-1-ABR","WAGYU TOP BLADE","LB",5,6,30,{"v":167.6,"d":"167.60"},{"$f":"IF(K37=0,0,L37/K37)","v":{"v":5.586666666666667,"d":"5.59"}},{"$f":"IF(B37=0,0,S37/B37)","v":{"v":0.009896891631989164,"d":"0.9897%"}},{"v":0.0122,"d":"1.2200%"},{"$f":"IF(B37=0,0,N37-O37)","v":{"v":-2.303108368010837E-3,"d":"(0.2303%)"}},2,{"$f":"IF(B37=0,0,Q37*M37)","v":{"v":11.173333333333334,"d":"11.1733"}},{"$f":"IF(B37=0,0,R37/2)","v":{"v":5.586666666666667,"d":"5.5867"}},{"$f":"IF(B37=0,0,K37/Q37*2)","v":30},{"v":0,"d":"$0.00"},{"$f":"IF(B37=0,0,P37*U37*B37)","v":{"v":0,"d":"$0.00"}},{"$f":"IF(B37=0,0,V37*T37)","v":{"v":0,"d":"$0.00"}},{"$f":"IF(H37=\"LB\",U37*L37,U37*J37)","v":{"v":0,"d":"$0.00"}}]
["EDIBLE BONES",{"v":564.487,"d":"564.49"},"2026-02-17","ABR","","43565-2-ABR","CC FEMUR BONES 6\" SPLIT FZ","LB",50,4,200,{"v":97,"d":"97.00"},{"$f":"IF(K38=0,0,L38/K38)","v":{"v":0.485,"d":"0.49"}},{"$f":"IF(50803.8=0,0,L38/50803.8)","v":{"v":0.001909305996795515,"d":"0.1909%"}},{"v":0.0008,"d":"0.0800%"},{"$f":"IF(B38=0,0,N38-O38)","v":{"v":1.1093059967955152E-3,"d":"0.1109%"}},4,{"$f":"IF(B38=0,0,Q38*M38)","v":{"v":1.94,"d":"1.9400"}},{"$f":"IF(B38=0,0,R38/2)","v":{"v":0.97,"d":"0.9700"}},{"$f":"IF(B38=0,0,K38/Q38*2)","v":100},{"v":0,"d":"$0.00"},{"$f":"IF(B38=0,0,P38*U38*B38)","v":{"v":0,"d":"$0.00"}},{"$f":"IF(B38=0,0,V38*T38)","v":{"v":0,"d":"$0.00"}},{"$f":"IF(H38=\"LB\",U38*L38,U38*J38)","v":{"v":0,"d":"$0.00"}}]
["LOIN",{"v":564.487,"d":"564.49"},"2026-02-17","ABR","","68035-1-ABR","WAGYU STRIPLOIN 0x1 ","LB",2,24,48,{"v":777.6,"d":"777.60"},{"$f":"IF(K39=0,0,L39/K39)","v":{"v":16.2,"d":"16.20"}},{"$f":"IF(B39=0,0,S39/B39)","v":{"v":0.028698623706126095,"d":"2.8699%"}},{"v":0.0275,"d":"2.7500%"},{"$f":"IF(B39=0,0,N39-O39)","v":{"v":1.1986237061260945E-3,"d":"0.1199%"}},2,{"$f":"IF(B39=0,0,Q39*M39)","v":{"v":32.4,"d":"32.4000"}},{"$f":"IF(B39=0,0,R39/2)","v":{"v":16.2,"d":"16.2000"}},{"$f":"IF(B39=0,0,K39/Q39*2)","v":48},{"v":0,"d":"$0.00"},{"$f":"IF(B39=0,0,P39*U39*B39)","v":{"v":0,"d":"$0.00"}},{"$f":"IF(B39=0,0,V39*T39)","v":{"v":0,"d":"$0.00"}},{"$f":"IF(H39=\"LB\",U39*L39,U39*J39)","v":{"v":0,"d":"$0.00"}}]
["LOIN",{"v":564.487,"d":"564.49"},"2026-02-17","ABR","","78035-1-ABR","WAGYU STRIPLOIN 0x1 ","LB",2,15,30,{"v":440,"d":"440.00"},{"$f":"IF(K40=0,0,L40/K40)","v":{"v":14.666666666666666,"d":"14.67"}},{"$f":"IF(B40=0,0,S40/B40)","v":{"v":0.02598229306727465,"d":"2.5982%"}},{"v":0.0275,"d":"2.7500%"},{"$f":"IF(B40=0,0,N40-O40)","v":{"v":-1.517706932725349E-3,"d":"(0.1518%)"}},2,{"$f":"IF(B40=0,0,Q40*M40)","v":{"v":29.333333333333332,"d":"29.3333"}},{"$f":"IF(B40=0,0,R40/2)","v":{"v":14.666666666666666,"d":"14.6667"}},{"$f":"IF(B40=0,0,K40/Q40*2)","v":30},{"v":0,"d":"$0.00"},{"$f":"IF(B40=0,0,P40*U40*B40)","v":{"v":0,"d":"$0.00"}},{"$f":"IF(B40=0,0,V40*T40)","v":{"v":0,"d":"$0.00"}},{"$f":"IF(H40=\"LB\",U40*L40,U40*J40)","v":{"v":0,"d":"$0.00"}}]
["LOIN",{"v":564.487,"d":"564.49"},"2026-02-17","ABR","","88035-1-ABR","WAGYU STRIPLOIN 0x1 ","LB",2,5,10,{"v":153.2,"d":"153.20"},{"$f":"IF(K41=0,0,L41/K41)","v":{"v":15.319999999999999,"d":"15.32"}},{"$f":"IF(B41=0,0,S41/B41)","v":{"v":0.027139686122089612,"d":"2.7140%"}},{"v":0.0275,"d":"2.7500%"},{"$f":"IF(B41=0,0,N41-O41)","v":{"v":-3.6031387791038774E-4,"d":"(0.0360%)"}},2,{"$f":"IF(B41=0,0,Q41*M41)","v":{"v":30.639999999999997,"d":"30.6400"}},{"$f":"IF(B41=0,0,R41/2)","v":{"v":15.319999999999999,"d":"15.3200"}},{"$f":"IF(B41=0,0,K41/Q41*2)","v":10},{"v":0,"d":"$0.00"},{"$f":"IF(B41=0,0,P41*U41*B41)","v":{"v":0,"d":"$0.00"}},{"$f":"IF(B41=0,0,V41*T41)","v":{"v":0,"d":"$0.00"}},{"$f":"IF(H41=\"LB\",U41*L41,U41*J41)","v":{"v":0,"d":"$0.00"}}]
["LOIN",{"v":564.487,"d":"564.49"},"2026-02-17","ABR","","98035-1-ABR","WAGYU STRIPLOIN 0x1 ","LB",2,1,2,{"v":29.6,"d":"29.60"},{"$f":"IF(K42=0,0,L42/K42)","v":{"v":14.8,"d":"14.80"}},{"$f":"IF(B42=0,0,S42/B42)","v":{"v":0.026218495731522608,"d":"2.6218%"}},{"v":0.0275,"d":"2.7500%"},{"$f":"IF(B42=0,0,N42-O42)","v":{"v":-1.2815042684773924E-3,"d":"(0.1282%)"}},2,{"$f":"IF(B42=0,0,Q42*M42)","v":{"v":29.6,"d":"29.6000"}},{"$f":"IF(B42=0,0,R42/2)","v":{"v":14.8,"d":"14.8000"}},{"$f":"IF(B42=0,0,K42/Q42*2)","v":2},{"v":0,"d":"$0.00"},{"$f":"IF(B42=0,0,P42*U42*B42)","v":{"v":0,"d":"$0.00"}},{"$f":"IF(B42=0,0,V42*T42)","v":{"v":0,"d":"$0.00"}},{"$f":"IF(H42=\"LB\",U42*L42,U42*J42)","v":{"v":0,"d":"$0.00"}}]
["LOIN THIN MEATS",{"v":564.487,"d":"564.49"},"2026-02-17","ABR","","68545-1-ABR","WAGYU FLAP MEAT IP ","LB",8,7,56,{"v":274.5,"d":"274.50"},{"$f":"IF(K43=0,0,L43/K43)","v":{"v":4.901785714285714,"d":"4.90"}},{"$f":"IF(B43=0,0,S43/B43)","v":{"v":0.008683611339651249,"d":"0.8684%"}},{"v":7.62E-3,"d":"0.7620%"},{"$f":"IF(B43=0,0,N43-O43)","v":{"v":1.0636113396512489E-3,"d":"0.1064%"}},2,{"$f":"IF(B43=0,0,Q43*M43)","v":{"v":9.803571428571429,"d":"9.8036"}},{"$f":"IF(B43=0,0,R43/2)","v":{"v":4.901785714285714,"d":"4.9018"}},{"$f":"IF(B43=0,0,K43/Q43*2)","v":56},{"v":14.13,"d":"$14.13"},{"$f":"IF(B43=0,0,P43*U43*B43)","v":{"v":8.483578160657146,"d":"$8.48"}},{"$f":"IF(B43=0,0,V43*T43)","v":{"v":475.08037699680017,"d":"$475.08"}},{"$f":"IF(H43=\"LB\",U43*L43,U43*J43)","v":{"v":3878.6850000000004,"d":"$3,878.69"}}]
["LOIN THIN MEATS",{"v":564.487,"d":"564.49"},"2026-02-17","ABR","","78545-1-ABR","WAGYU FLAP MEAT IP ","LB",8,3,24,{"v":115.3,"d":"115.30"},{"$f":"IF(K44=0,0,L44/K44)","v":{"v":4.804166666666666,"d":"4.80"}},{"$f":"IF(B44=0,0,S44/B44)","v":{"v":8.510677246183998E-3,"d":"0.8511%"}},{"v":7.62E-3,"d":"0.7620%"},{"$f":"IF(B44=0,0,N44-O44)","v":{"v":0.000890677246183998,"d":"0.0891%"}},2,{"$f":"IF(B44=0,0,Q44*M44)","v":{"v":9.608333333333333,"d":"9.6083"}},{"$f":"IF(B44=0,0,R44/2)","v":{"v":4.804166666666666,"d":"4.8042"}},{"$f":"IF(B44=0,0,K44/Q44*2)","v":24},{"v":0,"d":"$0.00"},{"$f":"IF(B44=0,0,P44*U44*B44)","v":{"v":0,"d":"$0.00"}},{"$f":"IF(B44=0,0,V44*T44)","v":{"v":0,"d":"$0.00"}},{"$f":"IF(H44=\"LB\",U44*L44,U44*J44)","v":{"v":0,"d":"$0.00"}}]
["LOIN THIN MEATS",{"v":564.487,"d":"564.49"},"2026-02-17","ABR","","88545-1-ABR","WAGYU FLAP MEAT IP ","LB",8,2,16,{"v":47.3,"d":"47.30"},{"$f":"IF(K45=0,0,L45/K45)","v":{"v":2.95625,"d":"2.96"}},{"$f":"IF(B45=0,0,S45/B45)","v":{"v":0.005237055946372547,"d":"0.5237%"}},{"v":7.62E-3,"d":"0.7620%"},{"$f":"IF(B45=0,0,N45-O45)","v":{"v":-0.002382944053627453,"d":"(0.2383%)"}},2,{"$f":"IF(B45=0,0,Q45*M45)","v":5.9125},{"$f":"IF(B45=0,0,R45/2)","v":{"v":2.95625,"d":"2.9563"}},{"$f":"IF(B45=0,0,K45/Q45*2)","v":16},{"v":0,"d":"$0.00"},{"$f":"IF(B45=0,0,P45*U45*B45)","v":{"v":0,"d":"$0.00"}},{"$f":"IF(B45=0,0,V45*T45)","v":{"v":0,"d":"$0.00"}},{"$f":"IF(H45=\"LB\",U45*L45,U45*J45)","v":{"v":0,"d":"$0.00"}}]
["LOIN THIN MEATS - COULOTTE",{"v":564.487,"d":"564.49"},"2026-02-17","ABR","","68465-1-ABR","WAGYU CT COULOTTE IP 8PC ","LB",8,6,48,{"v":169.9,"d":"169.90"},{"$f":"IF(K46=0,0,L46/K46)","v":{"v":3.5395833333333333,"d":"3.54"}},{"$f":"IF(B46=0,0,S46/B46)","v":{"v":0.006270442602457335,"d":"0.6270%"}},{"v":0,"d":"0.0000%"},{"$f":"IF(B46=0,0,N46-O46)","v":{"v":0.006270442602457335,"d":"0.6270%"}},2,{"$f":"IF(B46=0,0,Q46*M46)","v":{"v":7.079166666666667,"d":"7.0792"}},{"$f":"IF(B46=0,0,R46/2)","v":{"v":3.5395833333333333,"d":"3.5396"}},{"$f":"IF(B46=0,0,K46/Q46*2)","v":48},{"v":0,"d":"$0.00"},{"$f":"IF(B46=0,0,P46*U46*B46)","v":{"v":0,"d":"$0.00"}},{"$f":"IF(B46=0,0,V46*T46)","v":{"v":0,"d":"$0.00"}},{"$f":"IF(H46=\"LB\",U46*L46,U46*J46)","v":{"v":0,"d":"$0.00"}}]
["LOIN THIN MEATS - COULOTTE",{"v":564.487,"d":"564.49"},"2026-02-17","ABR","","78465-1-ABR","WAGYU CT COULOTTE IP 8PC ","LB",8,3,24,{"v":82.9,"d":"82.90"},{"$f":"IF(K47=0,0,L47/K47)","v":{"v":3.454166666666667,"d":"3.45"}},{"$f":"IF(B47=0,0,S47/B47)","v":{"v":0.006119125270673492,"d":"0.6119%"}},{"v":0,"d":"0.0000%"},{"$f":"IF(B47=0,0,N47-O47)","v":{"v":0.006119125270673492,"d":"0.6119%"}},2,{"$f":"IF(B47=0,0,Q47*M47)","v":{"v":6.908333333333334,"d":"6.9083"}},{"$f":"IF(B47=0,0,R47/2)","v":{"v":3.454166666666667,"d":"3.4542"}},{"$f":"IF(B47=0,0,K47/Q47*2)","v":24},{"v":0,"d":"$0.00"},{"$f":"IF(B47=0,0,P47*U47*B47)","v":{"v":0,"d":"$0.00"}},{"$f":"IF(B47=0,0,V47*T47)","v":{"v":0,"d":"$0.00"}},{"$f":"IF(H47=\"LB\",U47*L47,U47*J47)","v":{"v":0,"d":"$0.00"}}]
["LOIN THIN MEATS - COULOTTE",{"v":564.487,"d":"564.49"},"2026-02-17","ABR","","88465-1-ABR","WAGYU CT COULOTTE IP 8PC ","LB",8,2,16,{"v":36.6,"d":"36.60"},{"$f":"IF(K48=0,0,L48/K48)","v":{"v":2.2875,"d":"2.29"}},{"$f":"IF(B48=0,0,S48/B48)","v":{"v":4.052351958503916E-3,"d":"0.4052%"}},{"v":0,"d":"0.0000%"},{"$f":"IF(B48=0,0,N48-O48)","v":{"v":4.052351958503916E-3,"d":"0.4052%"}},2,{"$f":"IF(B48=0,0,Q48*M48)","v":{"v":4.575,"d":"4.5750"}},{"$f":"IF(B48=0,0,R48/2)","v":2.2875},{"$f":"IF(B48=0,0,K48/Q48*2)","v":16},{"v":0,"d":"$0.00"},{"$f":"IF(B48=0,0,P48*U48*B48)","v":{"v":0,"d":"$0.00"}},{"$f":"IF(B48=0,0,V48*T48)","v":{"v":0,"d":"$0.00"}},{"$f":"IF(H48=\"LB\",U48*L48,U48*J48)","v":{"v":0,"d":"$0.00"}}]
["LOIN THIN MEATS - COULOTTE",{"v":564.487,"d":"564.49"},"2026-02-17","ABR","","88465-1MX-ABR","WAGYU CT COULOTTE IP 8PC ","LB",8,2,16,{"v":58.6,"d":"58.60"},{"$f":"IF(K49=0,0,L49/K49)","v":{"v":3.6625,"d":"3.66"}},{"$f":"IF(B49=0,0,S49/B49)","v":{"v":0.006488191933560915,"d":"0.6488%"}},{"v":0,"d":"0.0000%"},{"$f":"IF(B49=0,0,N49-O49)","v":{"v":0.006488191933560915,"d":"0.6488%"}},2,{"$f":"IF(B49=0,0,Q49*M49)","v":{"v":7.325,"d":"7.3250"}},{"$f":"IF(B49=0,0,R49/2)","v":3.6625},{"$f":"IF(B49=0,0,K49/Q49*2)","v":16},{"v":0,"d":"$0.00"},{"$f":"IF(B49=0,0,P49*U49*B49)","v":{"v":0,"d":"$0.00"}},{"$f":"IF(B49=0,0,V49*T49)","v":{"v":0,"d":"$0.00"}},{"$f":"IF(H49=\"LB\",U49*L49,U49*J49)","v":{"v":0,"d":"$0.00"}}]
["LOIN THIN MEATS - FLANK STEAK",{"v":564.487,"d":"564.49"},"2026-02-17","ABR","","69345-1-ABR","WAGYU FLANK STEAK IP","LB",16,3,48,{"v":102.4,"d":"102.40"},{"$f":"IF(K50=0,0,L50/K50)","v":{"v":2.1333333333333333,"d":"2.13"}},{"$f":"IF(B50=0,0,S50/B50)","v":{"v":3.7792426279672224E-3,"d":"0.3779%"}},{"v":0,"d":"0.0000%"},{"$f":"IF(B50=0,0,N50-O50)","v":{"v":3.7792426279672224E-3,"d":"0.3779%"}},2,{"$f":"IF(B50=0,0,Q50*M50)","v":{"v":4.266666666666667,"d":"4.2667"}},{"$f":"IF(B50=0,0,R50/2)","v":{"v":2.1333333333333333,"d":"2.1333"}},{"$f":"IF(B50=0,0,K50/Q50*2)","v":48},{"v":12.75,"d":"$12.75"},{"$f":"IF(B50=0,0,P50*U50*B50)","v":{"v":27.200000000000003,"d":"$27.20"}},{"$f":"IF(B50=0,0,V50*T50)","v":{"v":1305.6000000000001,"d":"$1,305.60"}},{"$f":"IF(H50=\"LB\",U50*L50,U50*J50)","v":{"v":1305.6000000000001,"d":"$1,305.60"}}]
["LOIN THIN MEATS - FLANK STEAK",{"v":564.487,"d":"564.49"},"2026-02-17","ABR","","79345-1-ABR","WAGYU FLANK STEAK IP","LB",16,2,32,{"v":64,"d":"64.00"},{"$f":"IF(K51=0,0,L51/K51)","v":{"v":2,"d":"2.00"}},{"$f":"IF(B51=0,0,S51/B51)","v":{"v":3.543039963719271E-3,"d":"0.3543%"}},{"v":0,"d":"0.0000%"},{"$f":"IF(B51=0,0,N51-O51)","v":{"v":3.543039963719271E-3,"d":"0.3543%"}},2,{"$f":"IF(B51=0,0,Q51*M51)","v":{"v":4,"d":"4.0000"}},{"$f":"IF(B51=0,0,R51/2)","v":{"v":2,"d":"2.0000"}},{"$f":"IF(B51=0,0,K51/Q51*2)","v":32},{"v":0,"d":"$0.00"},{"$f":"IF(B51=0,0,P51*U51*B51)","v":{"v":0,"d":"$0.00"}},{"$f":"IF(B51=0,0,V51*T51)","v":{"v":0,"d":"$0.00"}},{"$f":"IF(H51=\"LB\",U51*L51,U51*J51)","v":{"v":0,"d":"$0.00"}}]
["LOIN THIN MEATS - FLANK STEAK",{"v":564.487,"d":"564.49"},"2026-02-17","ABR","","89345-1-ABR","WAGYU FLANK STEAK IP","LB",16,2,32,{"v":55.3,"d":"55.30"},{"$f":"IF(K52=0,0,L52/K52)","v":{"v":1.728125,"d":"1.73"}},{"$f":"IF(B52=0,0,S52/B52)","v":{"v":3.0614079686511826E-3,"d":"0.3061%"}},{"v":0,"d":"0.0000%"},{"$f":"IF(B52=0,0,N52-O52)","v":{"v":3.0614079686511826E-3,"d":"0.3061%"}},2,{"$f":"IF(B52=0,0,Q52*M52)","v":{"v":3.45625,"d":"3.4563"}},{"$f":"IF(B52=0,0,R52/2)","v":{"v":1.728125,"d":"1.7281"}},{"$f":"IF(B52=0,0,K52/Q52*2)","v":32},{"v":0,"d":"$0.00"},{"$f":"IF(B52=0,0,P52*U52*B52)","v":{"v":0,"d":"$0.00"}},{"$f":"IF(B52=0,0,V52*T52)","v":{"v":0,"d":"$0.00"}},{"$f":"IF(H52=\"LB\",U52*L52,U52*J52)","v":{"v":0,"d":"$0.00"}}]
["LOIN THIN MEATS - HANGING TENDER",{"v":564.487,"d":"564.49"},"2026-02-17","ABR","","89435-1-ABR","WAGYU HANGING TENDER","LB",8,6,48,{"v":123.5,"d":"123.50"},{"$f":"IF(K53=0,0,L53/K53)","v":{"v":2.5729166666666665,"d":"2.57"}},{"$f":"IF(B53=0,0,S53/B53)","v":{"v":2.2789866433298436E-3,"d":"0.2279%"}},{"v":0,"d":"0.0000%"},{"$f":"IF(B53=0,0,N53-O53)","v":{"v":2.2789866433298436E-3,"d":"0.2279%"}},1,{"$f":"IF(B53=0,0,Q53*M53)","v":{"v":2.5729166666666665,"d":"2.5729"}},{"$f":"IF(B53=0,0,R53/2)","v":{"v":1.2864583333333333,"d":"1.2865"}},{"$f":"IF(B53=0,0,K53/Q53*2)","v":96},{"v":0,"d":"$0.00"},{"$f":"IF(B53=0,0,P53*U53*B53)","v":{"v":0,"d":"$0.00"}},{"$f":"IF(B53=0,0,V53*T53)","v":{"v":0,"d":"$0.00"}},{"$f":"IF(H53=\"LB\",U53*L53,U53*J53)","v":{"v":0,"d":"$0.00"}}]
["LOIN THIN MEATS - TRI TIP",{"v":564.487,"d":"564.49"},"2026-02-17","ABR","","68515-1-ABR","WAGYU TRI TIP 16PC ","LB",16,3,48,{"v":173.2,"d":"173.20"},{"$f":"IF(K54=0,0,L54/K54)","v":{"v":3.608333333333333,"d":"3.61"}},{"$f":"IF(B54=0,0,S54/B54)","v":{"v":0.006392234601210184,"d":"0.6392%"}},{"v":0.007,"d":"0.7000%"},{"$f":"IF(B54=0,0,N54-O54)","v":{"v":-0.000607765398789816,"d":"(0.0608%)"}},2,{"$f":"IF(B54=0,0,Q54*M54)","v":{"v":7.216666666666666,"d":"7.2167"}},{"$f":"IF(B54=0,0,R54/2)","v":{"v":3.608333333333333,"d":"3.6083"}},{"$f":"IF(B54=0,0,K54/Q54*2)","v":48},{"v":0,"d":"$0.00"},{"$f":"IF(B54=0,0,P54*U54*B54)","v":{"v":0,"d":"$0.00"}},{"$f":"IF(B54=0,0,V54*T54)","v":{"v":0,"d":"$0.00"}},{"$f":"IF(H54=\"LB\",U54*L54,U54*J54)","v":{"v":0,"d":"$0.00"}}]
["LOIN THIN MEATS - TRI TIP",{"v":564.487,"d":"564.49"},"2026-02-17","ABR","","78515-1-ABR","WAGYU TRI TIP 16PC ","LB",16,2,32,{"v":118,"d":"118.00"},{"$f":"IF(K55=0,0,L55/K55)","v":{"v":3.6875,"d":"3.69"}},{"$f":"IF(B55=0,0,S55/B55)","v":{"v":6.5324799331074055E-3,"d":"0.6532%"}},{"v":0.007,"d":"0.7000%"},{"$f":"IF(B55=0,0,N55-O55)","v":{"v":-4.6752006689259468E-4,"d":"(0.0468%)"}},2,{"$f":"IF(B55=0,0,Q55*M55)","v":{"v":7.375,"d":"7.3750"}},{"$f":"IF(B55=0,0,R55/2)","v":3.6875},{"$f":"IF(B55=0,0,K55/Q55*2)","v":32},{"v":0,"d":"$0.00"},{"$f":"IF(B55=0,0,P55*U55*B55)","v":{"v":0,"d":"$0.00"}},{"$f":"IF(B55=0,0,V55*T55)","v":{"v":0,"d":"$0.00"}},{"$f":"IF(H55=\"LB\",U55*L55,U55*J55)","v":{"v":0,"d":"$0.00"}}]
["LOIN THIN MEATS - TRI TIP",{"v":564.487,"d":"564.49"},"2026-02-17","ABR","","98535-1-ABR","WAGYU PEELED TRI TIP ","LB",16,1,16,{"v":47.2,"d":"47.20"},{"$f":"IF(K56=0,0,L56/K56)","v":2.95},{"$f":"IF(B56=0,0,S56/B56)","v":{"v":0.005225983946485925,"d":"0.5226%"}},{"v":0.00535,"d":"0.5350%"},{"$f":"IF(B56=0,0,N56-O56)","v":{"v":-1.2401605351407448E-4,"d":"(0.0124%)"}},2,{"$f":"IF(B56=0,0,Q56*M56)","v":{"v":5.9,"d":"5.9000"}},{"$f":"IF(B56=0,0,R56/2)","v":{"v":2.95,"d":"2.9500"}},{"$f":"IF(B56=0,0,K56/Q56*2)","v":16},{"v":0,"d":"$0.00"},{"$f":"IF(B56=0,0,P56*U56*B56)","v":{"v":0,"d":"$0.00"}},{"$f":"IF(B56=0,0,V56*T56)","v":{"v":0,"d":"$0.00"}},{"$f":"IF(H56=\"LB\",U56*L56,U56*J56)","v":{"v":0,"d":"$0.00"}}]
["LOIN TOP BUTT",{"v":564.487,"d":"564.49"},"2026-02-17","ABR","","68485-1-ABR","WAGYU CENTER CUT TOP SIRLOIN ","LB",4,13,52,{"v":352,"d":"352.00"},{"$f":"IF(K57=0,0,L57/K57)","v":{"v":6.769230769230769,"d":"6.77"}},{"$f":"IF(B57=0,0,S57/B57)","v":{"v":0.011991827569511379,"d":"1.1992%"}},{"v":0,"d":"0.0000%"},{"$f":"IF(B57=0,0,N57-O57)","v":{"v":0.011991827569511379,"d":"1.1992%"}},2,{"$f":"IF(B57=0,0,Q57*M57)","v":{"v":13.538461538461538,"d":"13.5385"}},{"$f":"IF(B57=0,0,R57/2)","v":{"v":6.769230769230769,"d":"6.7692"}},{"$f":"IF(B57=0,0,K57/Q57*2)","v":52},{"v":0,"d":"$0.00"},{"$f":"IF(B57=0,0,P57*U57*B57)","v":{"v":0,"d":"$0.00"}},{"$f":"IF(B57=0,0,V57*T57)","v":{"v":0,"d":"$0.00"}},{"$f":"IF(H57=\"LB\",U57*L57,U57*J57)","v":{"v":0,"d":"$0.00"}}]
["LOIN TOP BUTT",{"v":564.487,"d":"564.49"},"2026-02-17","ABR","","78485-1-ABR","WAGYU CENTER CUT TOP SIRLOIN ","LB",4,8,32,{"v":195.6,"d":"195.60"},{"$f":"IF(K58=0,0,L58/K58)","v":{"v":6.1125,"d":"6.11"}},{"$f":"IF(B58=0,0,S58/B58)","v":{"v":0.010828415889117022,"d":"1.0828%"}},{"v":0,"d":"0.0000%"},{"$f":"IF(B58=0,0,N58-O58)","v":{"v":0.010828415889117022,"d":"1.0828%"}},2,{"$f":"IF(B58=0,0,Q58*M58)","v":{"v":12.225,"d":"12.2250"}},{"$f":"IF(B58=0,0,R58/2)","v":6.1125},{"$f":"IF(B58=0,0,K58/Q58*2)","v":32},{"v":0,"d":"$0.00"},{"$f":"IF(B58=0,0,P58*U58*B58)","v":{"v":0,"d":"$0.00"}},{"$f":"IF(B58=0,0,V58*T58)","v":{"v":0,"d":"$0.00"}},{"$f":"IF(H58=\"LB\",U58*L58,U58*J58)","v":{"v":0,"d":"$0.00"}}]
["LOIN TOP BUTT",{"v":564.487,"d":"564.49"},"2026-02-17","ABR","","88485-1-ABR","WAGYU CENTER CUT TOP SIRLOIN ","LB",4,4,16,{"v":104.7,"d":"104.70"},{"$f":"IF(K59=0,0,L59/K59)","v":{"v":6.54375,"d":"6.54"}},{"$f":"IF(B59=0,0,S59/B59)","v":{"v":0.01159238388129399,"d":"1.1592%"}},{"v":0,"d":"0.0000%"},{"$f":"IF(B59=0,0,N59-O59)","v":{"v":0.01159238388129399,"d":"1.1592%"}},2,{"$f":"IF(B59=0,0,Q59*M59)","v":13.0875},{"$f":"IF(B59=0,0,R59/2)","v":{"v":6.54375,"d":"6.5438"}},{"$f":"IF(B59=0,0,K59/Q59*2)","v":16},{"v":0,"d":"$0.00"},{"$f":"IF(B59=0,0,P59*U59*B59)","v":{"v":0,"d":"$0.00"}},{"$f":"IF(B59=0,0,V59*T59)","v":{"v":0,"d":"$0.00"}},{"$f":"IF(H59=\"LB\",U59*L59,U59*J59)","v":{"v":0,"d":"$0.00"}}]
["NAVEL THIN MEATS",{"v":564.487,"d":"564.49"},"2026-02-17","ABR","","62155-1-ABR","WAGYU OUTSIDE SKIRT PEELED ","LB",8,5,40,{"v":68.7,"d":"68.70"},{"$f":"IF(K60=0,0,L60/K60)","v":{"v":1.7175,"d":"1.72"}},{"$f":"IF(B60=0,0,S60/B60)","v":{"v":0.003042585568843924,"d":"0.3043%"}},{"v":0,"d":"0.0000%"},{"$f":"IF(B60=0,0,N60-O60)","v":{"v":0.003042585568843924,"d":"0.3043%"}},2,{"$f":"IF(B60=0,0,Q60*M60)","v":{"v":3.435,"d":"3.4350"}},{"$f":"IF(B60=0,0,R60/2)","v":1.7175},{"$f":"IF(B60=0,0,K60/Q60*2)","v":40},{"v":0,"d":"$0.00"},{"$f":"IF(B60=0,0,P60*U60*B60)","v":{"v":0,"d":"$0.00"}},{"$f":"IF(B60=0,0,V60*T60)","v":{"v":0,"d":"$0.00"}},{"$f":"IF(H60=\"LB\",U60*L60,U60*J60)","v":{"v":0,"d":"$0.00"}}]
["NAVEL THIN MEATS",{"v":564.487,"d":"564.49"},"2026-02-17","ABR","","72155-1-ABR","WAGYU OUTSIDE SKIRT PEELED ","LB",8,4,32,{"v":48.8,"d":"48.80"},{"$f":"IF(K61=0,0,L61/K61)","v":{"v":1.525,"d":"1.53"}},{"$f":"IF(B61=0,0,S61/B61)","v":{"v":0.002701567972335944,"d":"0.2702%"}},{"v":0,"d":"0.0000%"},{"$f":"IF(B61=0,0,N61-O61)","v":{"v":0.002701567972335944,"d":"0.2702%"}},2,{"$f":"IF(B61=0,0,Q61*M61)","v":{"v":3.05,"d":"3.0500"}},{"$f":"IF(B61=0,0,R61/2)","v":{"v":1.525,"d":"1.5250"}},{"$f":"IF(B61=0,0,K61/Q61*2)","v":32},{"v":0,"d":"$0.00"},{"$f":"IF(B61=0,0,P61*U61*B61)","v":{"v":0,"d":"$0.00"}},{"$f":"IF(B61=0,0,V61*T61)","v":{"v":0,"d":"$0.00"}},{"$f":"IF(H61=\"LB\",U61*L61,U61*J61)","v":{"v":0,"d":"$0.00"}}]
["NAVEL THIN MEATS",{"v":564.487,"d":"564.49"},"2026-02-17","ABR","","82155-1-ABR","WAGYU OUTSIDE SKIRT PEELED ","LB",8,2,16,{"v":18.7,"d":"18.70"},{"$f":"IF(K62=0,0,L62/K62)","v":{"v":1.16875,"d":"1.17"}},{"$f":"IF(B62=0,0,S62/B62)","v":{"v":0.002070463978798449,"d":"0.2070%"}},{"v":0,"d":"0.0000%"},{"$f":"IF(B62=0,0,N62-O62)","v":{"v":0.002070463978798449,"d":"0.2070%"}},2,{"$f":"IF(B62=0,0,Q62*M62)","v":2.3375},{"$f":"IF(B62=0,0,R62/2)","v":{"v":1.16875,"d":"1.1688"}},{"$f":"IF(B62=0,0,K62/Q62*2)","v":16},{"v":0,"d":"$0.00"},{"$f":"IF(B62=0,0,P62*U62*B62)","v":{"v":0,"d":"$0.00"}},{"$f":"IF(B62=0,0,V62*T62)","v":{"v":0,"d":"$0.00"}},{"$f":"IF(H62=\"LB\",U62*L62,U62*J62)","v":{"v":0,"d":"$0.00"}}]
["NAVEL THIN MEATS",{"v":564.487,"d":"564.49"},"2026-02-17","ABR","","62195-1MX-ABR","WAGYU INSIDE SKIRT PEELED","LB",12,3,36,{"v":95.6,"d":"95.60"},{"$f":"IF(K63=0,0,L63/K63)","v":{"v":2.6555555555555554,"d":"2.66"}},{"$f":"IF(B63=0,0,S63/B63)","v":{"v":0.004704369729605032,"d":"0.4704%"}},{"v":0.0054,"d":"0.5400%"},{"$f":"IF(B63=0,0,N63-O63)","v":{"v":-6.956302703949686E-4,"d":"(0.0696%)"}},2,{"$f":"IF(B63=0,0,Q63*M63)","v":{"v":5.311111111111111,"d":"5.3111"}},{"$f":"IF(B63=0,0,R63/2)","v":{"v":2.6555555555555554,"d":"2.6556"}},{"$f":"IF(B63=0,0,K63/Q63*2)","v":36},{"v":0,"d":"$0.00"},{"$f":"IF(B63=0,0,P63*U63*B63)","v":{"v":0,"d":"$0.00"}},{"$f":"IF(B63=0,0,V63*T63)","v":{"v":0,"d":"$0.00"}},{"$f":"IF(H63=\"LB\",U63*L63,U63*J63)","v":{"v":0,"d":"$0.00"}}]
["NAVEL THIN MEATS",{"v":564.487,"d":"564.49"},"2026-02-17","ABR","","72195-1MX-ABR","WAGYU INSIDE SKIRT PEELED","LB",12,3,36,{"v":71.9,"d":"71.90"},{"$f":"IF(K64=0,0,L64/K64)","v":{"v":1.9972222222222225,"d":"2.00"}},{"$f":"IF(B64=0,0,S64/B64)","v":{"v":3.5381190748807723E-3,"d":"0.3538%"}},{"v":0.0054,"d":"0.5400%"},{"$f":"IF(B64=0,0,N64-O64)","v":{"v":-1.861880925119228E-3,"d":"(0.1862%)"}},2,{"$f":"IF(B64=0,0,Q64*M64)","v":{"v":3.994444444444445,"d":"3.9944"}},{"$f":"IF(B64=0,0,R64/2)","v":{"v":1.9972222222222225,"d":"1.9972"}},{"$f":"IF(B64=0,0,K64/Q64*2)","v":36},{"v":0,"d":"$0.00"},{"$f":"IF(B64=0,0,P64*U64*B64)","v":{"v":0,"d":"$0.00"}},{"$f":"IF(B64=0,0,V64*T64)","v":{"v":0,"d":"$0.00"}},{"$f":"IF(H64=\"LB\",U64*L64,U64*J64)","v":{"v":0,"d":"$0.00"}}]
["NAVEL THIN MEATS",{"v":564.487,"d":"564.49"},"2026-02-17","ABR","","82195-1-ABR","WAGYU INSIDE SKIRT PEELED","LB",12,2,24,{"v":52.1,"d":"52.10"},{"$f":"IF(K65=0,0,L65/K65)","v":{"v":2.1708333333333334,"d":"2.17"}},{"$f":"IF(B65=0,0,S65/B65)","v":{"v":0.003845674627286959,"d":"0.3846%"}},{"v":0.0054,"d":"0.5400%"},{"$f":"IF(B65=0,0,N65-O65)","v":{"v":-1.5543253727130415E-3,"d":"(0.1554%)"}},2,{"$f":"IF(B65=0,0,Q65*M65)","v":{"v":4.341666666666667,"d":"4.3417"}},{"$f":"IF(B65=0,0,R65/2)","v":{"v":2.1708333333333334,"d":"2.1708"}},{"$f":"IF(B65=0,0,K65/Q65*2)","v":24},{"v":0,"d":"$0.00"},{"$f":"IF(B65=0,0,P65*U65*B65)","v":{"v":0,"d":"$0.00"}},{"$f":"IF(B65=0,0,V65*T65)","v":{"v":0,"d":"$0.00"}},{"$f":"IF(H65=\"LB\",U65*L65,U65*J65)","v":{"v":0,"d":"$0.00"}}]
["NAVEL THIN MEATS",{"v":564.487,"d":"564.49"},"2026-02-17","ABR","","62395-1-ABR","WAGYU BONELESS SHORT RIB ","LB",16,2,32,{"v":81.5,"d":"81.50"},{"$f":"IF(K66=0,0,L66/K66)","v":{"v":2.546875,"d":"2.55"}},{"$f":"IF(B66=0,0,S66/B66)","v":{"v":0.004511839953798759,"d":"0.4512%"}},{"v":0.0045,"d":"0.4500%"},{"$f":"IF(B66=0,0,N66-O66)","v":{"v":1.1839953798759191E-5,"d":"0.0012%"}},2,{"$f":"IF(B66=0,0,Q66*M66)","v":{"v":5.09375,"d":"5.0938"}},{"$f":"IF(B66=0,0,R66/2)","v":{"v":2.546875,"d":"2.5469"}},{"$f":"IF(B66=0,0,K66/Q66*2)","v":32},{"v":0,"d":"$0.00"},{"$f":"IF(B66=0,0,P66*U66*B66)","v":{"v":0,"d":"$0.00"}},{"$f":"IF(B66=0,0,V66*T66)","v":{"v":0,"d":"$0.00"}},{"$f":"IF(H66=\"LB\",U66*L66,U66*J66)","v":{"v":0,"d":"$0.00"}}]
["NAVEL THIN MEATS",{"v":564.487,"d":"564.49"},"2026-02-17","ABR","","72395-1-ABR","WAGYU BONELESS SHORT RIB ","LB",16,2,32,{"v":78.7,"d":"78.70"},{"$f":"IF(K67=0,0,L67/K67)","v":{"v":2.459375,"d":"2.46"}},{"$f":"IF(B67=0,0,S67/B67)","v":{"v":0.004356831955386041,"d":"0.4357%"}},{"v":0.0045,"d":"0.4500%"},{"$f":"IF(B67=0,0,N67-O67)","v":{"v":-1.431680446139583E-4,"d":"(0.0143%)"}},2,{"$f":"IF(B67=0,0,Q67*M67)","v":{"v":4.91875,"d":"4.9188"}},{"$f":"IF(B67=0,0,R67/2)","v":{"v":2.459375,"d":"2.4594"}},{"$f":"IF(B67=0,0,K67/Q67*2)","v":32},{"v":0,"d":"$0.00"},{"$f":"IF(B67=0,0,P67*U67*B67)","v":{"v":0,"d":"$0.00"}},{"$f":"IF(B67=0,0,V67*T67)","v":{"v":0,"d":"$0.00"}},{"$f":"IF(H67=\"LB\",U67*L67,U67*J67)","v":{"v":0,"d":"$0.00"}}]
["NAVEL THIN MEATS - SHORT RIB",{"v":564.487,"d":"564.49"},"2026-02-17","ABR","","22332-43-BAJA","123A BONE IN SHORT RIB IP 10PC CH","LB",10,1,10,{"v":30.6,"d":"30.60"},{"$f":"IF(K68=0,0,L68/K68)","v":3.06},{"$f":"IF(B68=0,0,S68/B68)","v":{"v":0.005420851144490485,"d":"0.5421%"}},{"v":0.0113,"d":"1.1300%"},{"$f":"IF(B68=0,0,N68-O68)","v":{"v":-0.005879148855509515,"d":"(0.5879%)"}},2,{"$f":"IF(B68=0,0,Q68*M68)","v":{"v":6.12,"d":"6.1200"}},{"$f":"IF(B68=0,0,R68/2)","v":{"v":3.06,"d":"3.0600"}},{"$f":"IF(B68=0,0,K68/Q68*2)","v":10},{"v":4.1975,"d":"$4.20"},{"$f":"IF(B68=0,0,P68*U68*B68)","v":{"v":-13.930256262249996,"d":"($13.93)"}},{"$f":"IF(B68=0,0,V68*T68)","v":{"v":-139.30256262249995,"d":"($139.30)"}},{"$f":"IF(H68=\"LB\",U68*L68,U68*J68)","v":{"v":128.4435,"d":"$128.44"}}]
["PLATE THIN MEATS",{"v":564.487,"d":"564.49"},"2026-02-17","ABR","","42535-72-BAJA","PLATE FINGER MEAT FZ","LB",144,2,288,{"v":76.4,"d":"76.40"},{"$f":"IF(K69=0,0,L69/K69)","v":{"v":0.2652777777777778,"d":"0.27"}},{"$f":"IF(B69=0,0,S69/B69)","v":{"v":1.8797795363066133E-3,"d":"0.1880%"}},{"v":0.0006,"d":"0.0600%"},{"$f":"IF(B69=0,0,N69-O69)","v":{"v":1.2797795363066133E-3,"d":"0.1280%"}},8,{"$f":"IF(B69=0,0,Q69*M69)","v":{"v":2.1222222222222222,"d":"2.1222"}},{"$f":"IF(B69=0,0,R69/2)","v":{"v":1.0611111111111111,"d":"1.0611"}},{"$f":"IF(B69=0,0,K69/Q69*2)","v":72},{"v":3,"d":"$3.00"},{"$f":"IF(B69=0,0,P69*U69*B69)","v":{"v":2.1672567333333332,"d":"$2.17"}},{"$f":"IF(B69=0,0,V69*T69)","v":{"v":156.04248479999998,"d":"$156.04"}},{"$f":"IF(H69=\"LB\",U69*L69,U69*J69)","v":{"v":229.20000000000002,"d":"$229.20"}}]
["PLATE THIN MEATS",{"v":564.487,"d":"564.49"},"2026-02-17","ABR","","82555-1-ABR","WAGYU RIB FINGER MEAT","LB",96,3,288,{"v":140.2,"d":"140.20"},{"$f":"IF(K70=0,0,L70/K70)","v":{"v":0.4868055555555555,"d":"0.49"}},{"$f":"IF(B70=0,0,S70/B70)","v":{"v":0.00344954307578779,"d":"0.3450%"}},{"v":0.00059,"d":"0.0590%"},{"$f":"IF(B70=0,0,N70-O70)","v":{"v":0.00285954307578779,"d":"0.2860%"}},8,{"$f":"IF(B70=0,0,Q70*M70)","v":{"v":3.894444444444444,"d":"3.8944"}},{"$f":"IF(B70=0,0,R70/2)","v":{"v":1.947222222222222,"d":"1.9472"}},{"$f":"IF(B70=0,0,K70/Q70*2)","v":72},{"v":0,"d":"$0.00"},{"$f":"IF(B70=0,0,P70*U70*B70)","v":{"v":0,"d":"$0.00"}},{"$f":"IF(B70=0,0,V70*T70)","v":{"v":0,"d":"$0.00"}},{"$f":"IF(H70=\"LB\",U70*L70,U70*J70)","v":{"v":0,"d":"$0.00"}}]
["RIB",{"v":564.487,"d":"564.49"},"2026-02-17","ABR","","80363-1MX-ABR","WAGYU RIB 109E LONG BONE FRENCHED 1PC ","LB",1,2,2,{"v":52,"d":"52.00"},{"$f":"IF(K71=0,0,L71/K71)","v":{"v":26,"d":"26.00"}},{"$f":"IF(B71=0,0,S71/B71)","v":{"v":0.04605951952835052,"d":"4.6060%"}},{"v":0.05921,"d":"5.9210%"},{"$f":"IF(B71=0,0,N71-O71)","v":{"v":-0.013150480471649476,"d":"(1.3150%)"}},2,{"$f":"IF(B71=0,0,Q71*M71)","v":{"v":52,"d":"52.0000"}},{"$f":"IF(B71=0,0,R71/2)","v":{"v":26,"d":"26.0000"}},{"$f":"IF(B71=0,0,K71/Q71*2)","v":2},{"v":0,"d":"$0.00"},{"$f":"IF(B71=0,0,P71*U71*B71)","v":{"v":0,"d":"$0.00"}},{"$f":"IF(B71=0,0,V71*T71)","v":{"v":0,"d":"$0.00"}},{"$f":"IF(H71=\"LB\",U71*L71,U71*J71)","v":{"v":0,"d":"$0.00"}}]
["RIB",{"v":564.487,"d":"564.49"},"2026-02-17","ABR","","60955-1-ABR","WAGYU EXPORT RIB 2PC ","LB",2,1,2,{"v":55.3,"d":"55.30"},{"$f":"IF(K72=0,0,L72/K72)","v":27.65},{"$f":"IF(B72=0,0,S72/B72)","v":{"v":0.04898252749841892,"d":"4.8983%"}},{"v":0.04015,"d":"4.0150%"},{"$f":"IF(B72=0,0,N72-O72)","v":{"v":0.008832527498418924,"d":"0.8833%"}},2,{"$f":"IF(B72=0,0,Q72*M72)","v":{"v":55.3,"d":"55.3000"}},{"$f":"IF(B72=0,0,R72/2)","v":{"v":27.65,"d":"27.6500"}},{"$f":"IF(B72=0,0,K72/Q72*2)","v":2},{"v":0,"d":"$0.00"},{"$f":"IF(B72=0,0,P72*U72*B72)","v":{"v":0,"d":"$0.00"}},{"$f":"IF(B72=0,0,V72*T72)","v":{"v":0,"d":"$0.00"}},{"$f":"IF(H72=\"LB\",U72*L72,U72*J72)","v":{"v":0,"d":"$0.00"}}]
["RIB",{"v":564.487,"d":"564.49"},"2026-02-17","ABR","","61235-1-ABR","WAGYU RIBEYE LIPON ","LB",2,23,46,{"v":951,"d":"951.00"},{"$f":"IF(K73=0,0,L73/K73)","v":{"v":20.67391304347826,"d":"20.67"}},{"$f":"IF(B73=0,0,S73/B73)","v":{"v":0.03662425005975029,"d":"3.6624%"}},{"v":0.03865,"d":"3.8650%"},{"$f":"IF(B73=0,0,N73-O73)","v":{"v":-0.002025749940249705,"d":"(0.2026%)"}},2,{"$f":"IF(B73=0,0,Q73*M73)","v":{"v":41.34782608695652,"d":"41.3478"}},{"$f":"IF(B73=0,0,R73/2)","v":{"v":20.67391304347826,"d":"20.6739"}},{"$f":"IF(B73=0,0,K73/Q73*2)","v":46},{"v":0,"d":"$0.00"},{"$f":"IF(B73=0,0,P73*U73*B73)","v":{"v":0,"d":"$0.00"}},{"$f":"IF(B73=0,0,V73*T73)","v":{"v":0,"d":"$0.00"}},{"$f":"IF(H73=\"LB\",U73*L73,U73*J73)","v":{"v":0,"d":"$0.00"}}]
["RIB",{"v":564.487,"d":"564.49"},"2026-02-17","ABR","","71235-1-ABR","WAGYU RIBEYE LIPON ","LB",2,15,30,{"v":586.6,"d":"586.60"},{"$f":"IF(K74=0,0,L74/K74)","v":{"v":19.553333333333335,"d":"19.55"}},{"$f":"IF(B74=0,0,S74/B74)","v":{"v":0.034639120711962075,"d":"3.4639%"}},{"v":0.03865,"d":"3.8650%"},{"$f":"IF(B74=0,0,N74-O74)","v":{"v":-0.004010879288037922,"d":"(0.4011%)"}},2,{"$f":"IF(B74=0,0,Q74*M74)","v":{"v":39.10666666666667,"d":"39.1067"}},{"$f":"IF(B74=0,0,R74/2)","v":{"v":19.553333333333335,"d":"19.5533"}},{"$f":"IF(B74=0,0,K74/Q74*2)","v":30},{"v":0,"d":"$0.00"},{"$f":"IF(B74=0,0,P74*U74*B74)","v":{"v":0,"d":"$0.00"}},{"$f":"IF(B74=0,0,V74*T74)","v":{"v":0,"d":"$0.00"}},{"$f":"IF(H74=\"LB\",U74*L74,U74*J74)","v":{"v":0,"d":"$0.00"}}]
["RIB",{"v":564.487,"d":"564.49"},"2026-02-17","ABR","","91235-1-ABR","WAGYU RIBEYE LIPON ","LB",2,1,2,{"v":39.7,"d":"39.70"},{"$f":"IF(K75=0,0,L75/K75)","v":19.85},{"$f":"IF(B75=0,0,S75/B75)","v":{"v":0.03516467163991377,"d":"3.5165%"}},{"v":0.03865,"d":"3.8650%"},{"$f":"IF(B75=0,0,N75-O75)","v":{"v":-3.4853283600862275E-3,"d":"(0.3485%)"}},2,{"$f":"IF(B75=0,0,Q75*M75)","v":{"v":39.7,"d":"39.7000"}},{"$f":"IF(B75=0,0,R75/2)","v":{"v":19.85,"d":"19.8500"}},{"$f":"IF(B75=0,0,K75/Q75*2)","v":2},{"v":0,"d":"$0.00"},{"$f":"IF(B75=0,0,P75*U75*B75)","v":{"v":0,"d":"$0.00"}},{"$f":"IF(B75=0,0,V75*T75)","v":{"v":0,"d":"$0.00"}},{"$f":"IF(H75=\"LB\",U75*L75,U75*J75)","v":{"v":0,"d":"$0.00"}}]
["RIB",{"v":564.487,"d":"564.49"},"2026-02-17","ABR","","81285-1MX-ABR","WAGYU RIBEYE ROLL LIP OFF ","LB",4,2,8,{"v":119.7,"d":"119.70"},{"$f":"IF(K76=0,0,L76/K76)","v":{"v":14.9625,"d":"14.96"}},{"$f":"IF(B76=0,0,S76/B76)","v":{"v":0.026506367728574797,"d":"2.6506%"}},{"v":0.0255,"d":"2.5500%"},{"$f":"IF(B76=0,0,N76-O76)","v":{"v":1.0063677285747988E-3,"d":"0.1006%"}},2,{"$f":"IF(B76=0,0,Q76*M76)","v":{"v":29.925,"d":"29.9250"}},{"$f":"IF(B76=0,0,R76/2)","v":14.9625},{"$f":"IF(B76=0,0,K76/Q76*2)","v":8},{"v":0,"d":"$0.00"},{"$f":"IF(B76=0,0,P76*U76*B76)","v":{"v":0,"d":"$0.00"}},{"$f":"IF(B76=0,0,V76*T76)","v":{"v":0,"d":"$0.00"}},{"$f":"IF(H76=\"LB\",U76*L76,U76*J76)","v":{"v":0,"d":"$0.00"}}]
["RIB THIN MEATS - LIFTER MEAT",{"v":564.487,"d":"564.49"},"2026-02-17","ABR","","82955-1-ABR","WAGYU LIFTER MEAT","LB",72,7,504,{"v":366.3,"d":"366.30"},{"$f":"IF(K77=0,0,L77/K77)","v":{"v":0.7267857142857143,"d":"0.73"}},{"$f":"IF(B77=0,0,S77/B77)","v":{"v":1.2875154153872707E-3,"d":"0.1288%"}},{"v":0.0026,"d":"0.2600%"},{"$f":"IF(B77=0,0,N77-O77)","v":{"v":-1.3124845846127291E-3,"d":"(0.1312%)"}},2,{"$f":"IF(B77=0,0,Q77*M77)","v":{"v":1.4535714285714285,"d":"1.4536"}},{"$f":"IF(B77=0,0,R77/2)","v":{"v":0.7267857142857143,"d":"0.7268"}},{"$f":"IF(B77=0,0,K77/Q77*2)","v":504},{"v":0,"d":"$0.00"},{"$f":"IF(B77=0,0,P77*U77*B77)","v":{"v":0,"d":"$0.00"}},{"$f":"IF(B77=0,0,V77*T77)","v":{"v":0,"d":"$0.00"}},{"$f":"IF(H77=\"LB\",U77*L77,U77*J77)","v":{"v":0,"d":"$0.00"}}]
["RIB THIN MEATS - MEATY BACK RIB",{"v":564.487,"d":"564.49"},"2026-02-17","ABR","","62435-3-ABR","WAGYU MEATY BACK RIB 8PC ","LB",8,7,56,{"v":223.9,"d":"223.90"},{"$f":"IF(K78=0,0,L78/K78)","v":{"v":3.998214285714286,"d":"4.00"}},{"$f":"IF(B78=0,0,S78/B78)","v":{"v":7.0829164988995075E-3,"d":"0.7083%"}},{"v":0.0095,"d":"0.9500%"},{"$f":"IF(B78=0,0,N78-O78)","v":{"v":-2.4170835011004923E-3,"d":"(0.2417%)"}},2,{"$f":"IF(B78=0,0,Q78*M78)","v":{"v":7.996428571428572,"d":"7.9964"}},{"$f":"IF(B78=0,0,R78/2)","v":{"v":3.998214285714286,"d":"3.9982"}},{"$f":"IF(B78=0,0,K78/Q78*2)","v":56},{"v":0,"d":"$0.00"},{"$f":"IF(B78=0,0,P78*U78*B78)","v":{"v":0,"d":"$0.00"}},{"$f":"IF(B78=0,0,V78*T78)","v":{"v":0,"d":"$0.00"}},{"$f":"IF(H78=\"LB\",U78*L78,U78*J78)","v":{"v":0,"d":"$0.00"}}]
["RIB THIN MEATS - MEATY BACK RIB",{"v":564.487,"d":"564.49"},"2026-02-17","ABR","","72435-3-ABR","WAGYU MEATY BACK RIB 8PC ","LB",8,4,32,{"v":130,"d":"130.00"},{"$f":"IF(K79=0,0,L79/K79)","v":{"v":4.0625,"d":"4.06"}},{"$f":"IF(B79=0,0,S79/B79)","v":{"v":0.007196799926304769,"d":"0.7197%"}},{"v":0.0095,"d":"0.9500%"},{"$f":"IF(B79=0,0,N79-O79)","v":{"v":-2.3032000736952305E-3,"d":"(0.2303%)"}},2,{"$f":"IF(B79=0,0,Q79*M79)","v":{"v":8.125,"d":"8.1250"}},{"$f":"IF(B79=0,0,R79/2)","v":4.0625},{"$f":"IF(B79=0,0,K79/Q79*2)","v":32},{"v":0,"d":"$0.00"},{"$f":"IF(B79=0,0,P79*U79*B79)","v":{"v":0,"d":"$0.00"}},{"$f":"IF(B79=0,0,V79*T79)","v":{"v":0,"d":"$0.00"}},{"$f":"IF(H79=\"LB\",U79*L79,U79*J79)","v":{"v":0,"d":"$0.00"}}]
["ROUND EYE",{"v":564.487,"d":"564.49"},"2026-02-17","ABR","","67255-3-ABR","WAGYU EYE ROUND DENUDED 6PC","LB",6,9,54,{"v":258.4,"d":"258.40"},{"$f":"IF(K80=0,0,L80/K80)","v":{"v":4.785185185185185,"d":"4.79"}},{"$f":"IF(B80=0,0,S80/B80)","v":{"v":0.008477051172454255,"d":"0.8477%"}},{"v":0.01,"d":"1.0000%"},{"$f":"IF(B80=0,0,N80-O80)","v":{"v":-1.5229488275457451E-3,"d":"(0.1523%)"}},2,{"$f":"IF(B80=0,0,Q80*M80)","v":{"v":9.57037037037037,"d":"9.5704"}},{"$f":"IF(B80=0,0,R80/2)","v":{"v":4.785185185185185,"d":"4.7852"}},{"$f":"IF(B80=0,0,K80/Q80*2)","v":54},{"v":0,"d":"$0.00"},{"$f":"IF(B80=0,0,P80*U80*B80)","v":{"v":0,"d":"$0.00"}},{"$f":"IF(B80=0,0,V80*T80)","v":{"v":0,"d":"$0.00"}},{"$f":"IF(H80=\"LB\",U80*L80,U80*J80)","v":{"v":0,"d":"$0.00"}}]
["ROUND EYE",{"v":564.487,"d":"564.49"},"2026-02-17","ABR","","77255-3-ABR","WAGYU EYE ROUND DENUDED 6PC","LB",6,5,30,{"v":138.4,"d":"138.40"},{"$f":"IF(K81=0,0,L81/K81)","v":{"v":4.613333333333333,"d":"4.61"}},{"$f":"IF(B81=0,0,S81/B81)","v":{"v":0.008172612182979119,"d":"0.8173%"}},{"v":0.01,"d":"1.0000%"},{"$f":"IF(B81=0,0,N81-O81)","v":{"v":-1.8273878170208813E-3,"d":"(0.1827%)"}},2,{"$f":"IF(B81=0,0,Q81*M81)","v":{"v":9.226666666666667,"d":"9.2267"}},{"$f":"IF(B81=0,0,R81/2)","v":{"v":4.613333333333333,"d":"4.6133"}},{"$f":"IF(B81=0,0,K81/Q81*2)","v":30},{"v":0,"d":"$0.00"},{"$f":"IF(B81=0,0,P81*U81*B81)","v":{"v":0,"d":"$0.00"}},{"$f":"IF(B81=0,0,V81*T81)","v":{"v":0,"d":"$0.00"}},{"$f":"IF(H81=\"LB\",U81*L81,U81*J81)","v":{"v":0,"d":"$0.00"}}]
["ROUND EYE",{"v":564.487,"d":"564.49"},"2026-02-17","ABR","","87255-3-ABR","WAGYU EYE ROUND DENUDED 6PC","LB",6,2,12,{"v":48.6,"d":"48.60"},{"$f":"IF(K82=0,0,L82/K82)","v":4.05},{"$f":"IF(B82=0,0,S82/B82)","v":{"v":0.007174655926531524,"d":"0.7175%"}},{"v":0.01,"d":"1.0000%"},{"$f":"IF(B82=0,0,N82-O82)","v":{"v":-2.8253440734684766E-3,"d":"(0.2825%)"}},2,{"$f":"IF(B82=0,0,Q82*M82)","v":{"v":8.1,"d":"8.1000"}},{"$f":"IF(B82=0,0,R82/2)","v":{"v":4.05,"d":"4.0500"}},{"$f":"IF(B82=0,0,K82/Q82*2)","v":12},{"v":0,"d":"$0.00"},{"$f":"IF(B82=0,0,P82*U82*B82)","v":{"v":0,"d":"$0.00"}},{"$f":"IF(B82=0,0,V82*T82)","v":{"v":0,"d":"$0.00"}},{"$f":"IF(H82=\"LB\",U82*L82,U82*J82)","v":{"v":0,"d":"$0.00"}}]
["ROUND INSIDE",{"v":564.487,"d":"564.49"},"2026-02-17","ABR","","66965-1-ABR","WAGYU INSIDE RND C/OFF DENUDED SMO","LB",2,25,50,{"v":892.1,"d":"892.10"},{"$f":"IF(K83=0,0,L83/K83)","v":{"v":17.842,"d":"17.84"}},{"$f":"IF(B83=0,0,S83/B83)","v":{"v":0.031607459516339614,"d":"3.1607%"}},{"v":0.031,"d":"3.1000%"},{"$f":"IF(B83=0,0,N83-O83)","v":{"v":6.0745951633961459E-4,"d":"0.0607%"}},2,{"$f":"IF(B83=0,0,Q83*M83)","v":{"v":35.684,"d":"35.6840"}},{"$f":"IF(B83=0,0,R83/2)","v":{"v":17.842,"d":"17.8420"}},{"$f":"IF(B83=0,0,K83/Q83*2)","v":50},{"v":0,"d":"$0.00"},{"$f":"IF(B83=0,0,P83*U83*B83)","v":{"v":0,"d":"$0.00"}},{"$f":"IF(B83=0,0,V83*T83)","v":{"v":0,"d":"$0.00"}},{"$f":"IF(H83=\"LB\",U83*L83,U83*J83)","v":{"v":0,"d":"$0.00"}}]
["ROUND INSIDE",{"v":564.487,"d":"564.49"},"2026-02-17","ABR","","76965-1-ABR","WAGYU INSIDE RND C/OFF DENUDED SMO","LB",2,14,28,{"v":482.2,"d":"482.20"},{"$f":"IF(K84=0,0,L84/K84)","v":{"v":17.22142857142857,"d":"17.22"}},{"$f":"IF(B84=0,0,S84/B84)","v":{"v":0.03050810483045415,"d":"3.0508%"}},{"v":0.031,"d":"3.1000%"},{"$f":"IF(B84=0,0,N84-O84)","v":{"v":-4.9189516954584872E-4,"d":"(0.0492%)"}},2,{"$f":"IF(B84=0,0,Q84*M84)","v":{"v":34.44285714285714,"d":"34.4429"}},{"$f":"IF(B84=0,0,R84/2)","v":{"v":17.22142857142857,"d":"17.2214"}},{"$f":"IF(B84=0,0,K84/Q84*2)","v":28},{"v":0,"d":"$0.00"},{"$f":"IF(B84=0,0,P84*U84*B84)","v":{"v":0,"d":"$0.00"}},{"$f":"IF(B84=0,0,V84*T84)","v":{"v":0,"d":"$0.00"}},{"$f":"IF(H84=\"LB\",U84*L84,U84*J84)","v":{"v":0,"d":"$0.00"}}]
["ROUND INSIDE",{"v":564.487,"d":"564.49"},"2026-02-17","ABR","","86965-1-ABR","WAGYU INSIDE RND C/OFF DENUDED SMO","LB",2,5,10,{"v":170.4,"d":"170.40"},{"$f":"IF(K85=0,0,L85/K85)","v":17.04},{"$f":"IF(B85=0,0,S85/B85)","v":{"v":0.030186700490888188,"d":"3.0187%"}},{"v":0.031,"d":"3.1000%"},{"$f":"IF(B85=0,0,N85-O85)","v":{"v":-8.132995091118117E-4,"d":"(0.0813%)"}},2,{"$f":"IF(B85=0,0,Q85*M85)","v":{"v":34.08,"d":"34.0800"}},{"$f":"IF(B85=0,0,R85/2)","v":{"v":17.04,"d":"17.0400"}},{"$f":"IF(B85=0,0,K85/Q85*2)","v":10},{"v":0,"d":"$0.00"},{"$f":"IF(B85=0,0,P85*U85*B85)","v":{"v":0,"d":"$0.00"}},{"$f":"IF(B85=0,0,V85*T85)","v":{"v":0,"d":"$0.00"}},{"$f":"IF(H85=\"LB\",U85*L85,U85*J85)","v":{"v":0,"d":"$0.00"}}]
["TENDER",{"v":564.487,"d":"564.49"},"2026-02-17","ABR","","68935-1-ABR","WAGYU TENDERLOIN 189A 4PC ","LB",4,7,28,{"v":216.9,"d":"216.90"},{"$f":"IF(K86=0,0,L86/K86)","v":{"v":7.746428571428572,"d":"7.75"}},{"$f":"IF(B86=0,0,S86/B86)","v":{"v":0.013722953002334106,"d":"1.3723%"}},{"v":0.01377,"d":"1.3770%"},{"$f":"IF(B86=0,0,N86-O86)","v":{"v":-4.7046997665892848E-5,"d":"(0.0047%)"}},2,{"$f":"IF(B86=0,0,Q86*M86)","v":{"v":15.492857142857144,"d":"15.4929"}},{"$f":"IF(B86=0,0,R86/2)","v":{"v":7.746428571428572,"d":"7.7464"}},{"$f":"IF(B86=0,0,K86/Q86*2)","v":28},{"v":0,"d":"$0.00"},{"$f":"IF(B86=0,0,P86*U86*B86)","v":{"v":0,"d":"$0.00"}},{"$f":"IF(B86=0,0,V86*T86)","v":{"v":0,"d":"$0.00"}},{"$f":"IF(H86=\"LB\",U86*L86,U86*J86)","v":{"v":0,"d":"$0.00"}}]
["TENDER",{"v":564.487,"d":"564.49"},"2026-02-17","ABR","","68935-H1-ABR","WAGYU TENDERLOIN 189A (HALAL) 4PC ","LB",4,5,20,{"v":158.3,"d":"158.30"},{"$f":"IF(K87=0,0,L87/K87)","v":{"v":7.915000000000001,"d":"7.92"}},{"$f":"IF(B87=0,0,S87/B87)","v":{"v":0.014021580656419017,"d":"1.4022%"}},{"v":0.01377,"d":"1.3770%"},{"$f":"IF(B87=0,0,N87-O87)","v":{"v":2.5158065641901761E-4,"d":"0.0252%"}},2,{"$f":"IF(B87=0,0,Q87*M87)","v":{"v":15.830000000000002,"d":"15.8300"}},{"$f":"IF(B87=0,0,R87/2)","v":{"v":7.915000000000001,"d":"7.9150"}},{"$f":"IF(B87=0,0,K87/Q87*2)","v":20},{"v":0,"d":"$0.00"},{"$f":"IF(B87=0,0,P87*U87*B87)","v":{"v":0,"d":"$0.00"}},{"$f":"IF(B87=0,0,V87*T87)","v":{"v":0,"d":"$0.00"}},{"$f":"IF(H87=\"LB\",U87*L87,U87*J87)","v":{"v":0,"d":"$0.00"}}]
["TENDER",{"v":564.487,"d":"564.49"},"2026-02-17","ABR","","78935-1-ABR","WAGYU TENDERLOIN 189A 4PC ","LB",4,8,32,{"v":226.3,"d":"226.30"},{"$f":"IF(K88=0,0,L88/K88)","v":{"v":7.071875,"d":"7.07"}},{"$f":"IF(B88=0,0,S88/B88)","v":{"v":0.01252796787171361,"d":"1.2528%"}},{"v":0.01377,"d":"1.3770%"},{"$f":"IF(B88=0,0,N88-O88)","v":{"v":-1.242032128286389E-3,"d":"(0.1242%)"}},2,{"$f":"IF(B88=0,0,Q88*M88)","v":{"v":14.14375,"d":"14.1438"}},{"$f":"IF(B88=0,0,R88/2)","v":{"v":7.071875,"d":"7.0719"}},{"$f":"IF(B88=0,0,K88/Q88*2)","v":32},{"v":0,"d":"$0.00"},{"$f":"IF(B88=0,0,P88*U88*B88)","v":{"v":0,"d":"$0.00"}},{"$f":"IF(B88=0,0,V88*T88)","v":{"v":0,"d":"$0.00"}},{"$f":"IF(H88=\"LB\",U88*L88,U88*J88)","v":{"v":0,"d":"$0.00"}}]
["TENDER",{"v":564.487,"d":"564.49"},"2026-02-17","ABR","","88935-1-ABR","WAGYU TENDERLOIN 189A 4PC ","LB",4,2,8,{"v":45.4,"d":"45.40"},{"$f":"IF(K89=0,0,L89/K89)","v":{"v":5.675,"d":"5.68"}},{"$f":"IF(B89=0,0,S89/B89)","v":{"v":0.010053375897053431,"d":"1.0053%"}},{"v":0.01377,"d":"1.3770%"},{"$f":"IF(B89=0,0,N89-O89)","v":{"v":-0.003716624102946568,"d":"(0.3717%)"}},2,{"$f":"IF(B89=0,0,Q89*M89)","v":{"v":11.35,"d":"11.3500"}},{"$f":"IF(B89=0,0,R89/2)","v":{"v":5.675,"d":"5.6750"}},{"$f":"IF(B89=0,0,K89/Q89*2)","v":8},{"v":0,"d":"$0.00"},{"$f":"IF(B89=0,0,P89*U89*B89)","v":{"v":0,"d":"$0.00"}},{"$f":"IF(B89=0,0,V89*T89)","v":{"v":0,"d":"$0.00"}},{"$f":"IF(H89=\"LB\",U89*L89,U89*J89)","v":{"v":0,"d":"$0.00"}}]
["TRIM 50/50",{"v":564.487,"d":"564.49"},"2026-02-17","ABR","","49500-5-BAJA","TRIM 50/50 (T) BN","LB",18,6,108,{"v":9685,"d":"9,685.00"},{"$f":"IF(K90=0,0,L90/K90)","v":{"v":89.67592592592592,"d":"89.68"}},{"$f":"IF(50803.8=0,0,L90/50803.8)","v":{"v":0.19063534617489242,"d":"19.0635%"}},{"v":0.0598,"d":"5.9800%"},{"$f":"IF(B90=0,0,N90-O90)","v":{"v":0.13083534617489243,"d":"13.0835%"}},2,{"$f":"IF(B90=0,0,Q90*M90)","v":{"v":179.35185185185185,"d":"179.3519"}},{"$f":"IF(B90=0,0,R90/2)","v":{"v":89.67592592592592,"d":"89.6759"}},{"$f":"IF(B90=0,0,K90/Q90*2)","v":108},{"v":0.8462,"d":"$0.85"},{"$f":"IF(B90=0,0,P90*U90*B90)","v":{"v":62.49597580997885,"d":"$62.50"}},{"$f":"IF(B90=0,0,V90*T90)","v":{"v":6749.565387477716,"d":"$6,749.57"}},{"$f":"IF(H90=\"LB\",U90*L90,U90*J90)","v":{"v":8195.447,"d":"$8,195.45"}}]
["TRIM 75/25",{"v":564.487,"d":"564.49"},"2026-02-17","ABR","","49753-52-ABR","WAGYU TRIM 75/25 (W)(T) FZ","LB",50,175,{"v":8750,"d":"8,750"},{"v":10500,"d":"10,500.00"},{"$f":"IF(K91=0,0,L91/K91)","v":{"v":1.2,"d":"1.20"}},{"$f":"IF(50803.8=0,0,L91/50803.8)","v":{"v":0.20667745326137021,"d":"20.6677%"}},{"v":0.023403,"d":"2.3403%"},{"$f":"IF(B91=0,0,N91-O91)","v":{"v":0.1832744532613702,"d":"18.3274%"}},2,{"$f":"IF(B91=0,0,Q91*M91)","v":{"v":2.4,"d":"2.4000"}},{"$f":"IF(B91=0,0,R91/2)","v":{"v":1.2,"d":"1.2000"}},{"$f":"IF(B91=0,0,K91/Q91*2)","v":{"v":8750,"d":"8,750"}},{"v":0,"d":"$0.00"},{"$f":"IF(B91=0,0,P91*U91*B91)","v":{"v":0,"d":"$0.00"}},{"$f":"IF(B91=0,0,V91*T91)","v":{"v":0,"d":"$0.00"}},{"$f":"IF(H91=\"LB\",U91*L91,U91*J91)","v":{"v":0,"d":"$0.00"}}]

{"sheet":"FABRICATION_REPORT","index":2,"n_rows":1000,"n_cols":8,"rows_kept":1000,"merged":[[0,0,0,7]]}
["ABR"]
["YieldGroup","Product Code","Description","Pcs/Box","Cases","TotalPcs","Missing",90]
["BRISKET","71815-1-ABR","WAGYU 120 BRISKET ",2,15,{"$f":"D3*E3","v":30},null,{"$f":"H$2","v":90}]
["BRISKET","81815-1MX-ABR","WAGYU 120 BRISKET ",2,5,{"$f":"D4*E4","v":10},null,90]
["BRISKET","91815-1-ABR","WAGYU 120 BRISKET ",2,1,{"$f":"D5*E5","v":2},null,90]
["BRISKET","72035-3-ABR","WAGYU BBQ BRISKET 6PC ",6,1,{"$f":"D6*E6","v":6},null,90]
["TOTAL BRISKET",{"$nulls":4},{"$f":"SUM(F3:F6)","v":48},{"$f":"H7-F7","v":42},90]
[{"$nulls":7},90]
["CHUCK","61655-1-ABR","WAGYU CHUCK EYE ROLL 1x1 ",2,25,{"$f":"D9*E9","v":50},null,90]
["CHUCK","71655-1-ABR","WAGYU CHUCK EYE ROLL 1x1 ",2,15,{"$f":"D10*E10","v":30},null,90]
["CHUCK","81655-1-ABR","WAGYU CHUCK EYE ROLL 1x1 ",2,5,{"$f":"D11*E11","v":10},null,90]
["CHUCK","91655-1-ABR","WAGYU CHUCK EYE ROLL 1x1 ",2,1,{"$f":"D12*E12","v":2},null,90]
["TOTAL CHUCK",{"$nulls":4},{"$f":"SUM(F9:F12)","v":92},{"$f":"H13-F13","v":-2},90]
[{"$nulls":7},90]
["CHUCK THIN MEATS - SHORT RIB","13042-3-BAJA","CHUCK SHORT RIB 12PC PR",12,4,{"$f":"D15*E15","v":48},null,90]
["CHUCK THIN MEATS - SHORT RIB","23042-3-BAJA","CHUCK SHORT RIB 12PC CH",12,4,{"$f":"D16*E16","v":48},null,90]
["TOTAL CHUCK THIN MEATS - SHORT RIB",{"$nulls":4},{"$f":"SUM(F15:F16)","v":96},{"$f":"H17-F17","v":-6},90]
[{"$nulls":7},90]
["CHUCK THIN MEATS - TAIL FLAP","61845-1-ABR","WAGYU CHUCK TAIL FLAP 16PC ",16,5,{"$f":"D19*E19","v":80},null,90]
["CHUCK THIN MEATS - TAIL FLAP","71845-1-ABR","WAGYU CHUCK TAIL FLAP 16PC ",16,3,{"$f":"D20*E20","v":48},null,90]
["TOTAL CHUCK THIN MEATS - TAIL FLAP",{"$nulls":4},{"$f":"SUM(F19:F20)","v":128},{"$f":"H21-F21","v":-38},90]
[{"$nulls":7},90]
["CLOD","81433-1-ABR","WAGYU XT SHOULDER CLOD 3PC PR",3,7,{"$f":"D23*E23","v":21},null,90]
["CLOD","61465-1-ABR","WAGYU CLOD HEART 4PC",4,11,{"$f":"D24*E24","v":44},null,90]
["CLOD","71465-1-ABR","WAGYU CLOD HEART 4PC",4,6,{"$f":"D25*E25","v":24},null,90]
["TOTAL CLOD",{"$nulls":4},{"$f":"SUM(F23:F25)","v":89},{"$f":"H26-F26","v":1},90]
[{"$nulls":7},90]
["CLOD THIN MEATS - TERES MAJOR","81475-1-ABR","WAGYU TERES MAJOR 16PC",16,5,{"$f":"D28*E28","v":80},null,90]
["TOTAL CLOD THIN MEATS - TERES MAJOR",{"$nulls":4},{"$f":"SUM(F28:F28)","v":80},{"$f":"H29-F29","v":10},90]
[{"$nulls":7},90]
["CLOD THIN MEATS - TOP BLADE","61495-1-ABR","WAGYU TOP BLADE",5,8,{"$f":"D31*E31","v":40},null,90]
["CLOD THIN MEATS - TOP BLADE","71495-1-ABR","WAGYU TOP BLADE",5,6,{"$f":"D32*E32","v":30},null,90]
["TOTAL CLOD THIN MEATS - TOP BLADE",{"$nulls":4},{"$f":"SUM(F31:F32)","v":70},{"$f":"H33-F33","v":20},90]
[{"$nulls":7},90]
["EDIBLE BONES","43565-2-ABR","CC FEMUR BONES 6\" SPLIT FZ",50,4,{"$f":"D35*E35","v":200},null,90]
["TOTAL EDIBLE BONES",{"$nulls":4},{"$f":"SUM(F35:F35)","v":200},{"$f":"H36-F36","v":-110},90]
[{"$nulls":7},90]
["LOIN","68035-1-ABR","WAGYU STRIPLOIN 0x1 ",2,24,{"$f":"D38*E38","v":48},null,90]
["LOIN","78035-1-ABR","WAGYU STRIPLOIN 0x1 ",2,15,{"$f":"D39*E39","v":30},null,90]
["LOIN","88035-1-ABR","WAGYU STRIPLOIN 0x1 ",2,5,{"$f":"D40*E40","v":10},null,90]
["LOIN","98035-1-ABR","WAGYU STRIPLOIN 0x1 ",2,1,{"$f":"D41*E41","v":2},null,90]
["TOTAL LOIN",{"$nulls":4},{"$f":"SUM(F38:F41)","v":90},{"$f":"H42-F42","v":0},90]
[{"$nulls":7},90]
["LOIN THIN MEATS","68545-1-ABR","WAGYU FLAP MEAT IP ",8,7,{"$f":"D44*E44","v":56},null,90]
["LOIN THIN MEATS","78545-1-ABR","WAGYU FLAP MEAT IP ",8,3,{"$f":"D45*E45","v":24},null,90]
["LOIN THIN MEATS","88545-1-ABR","WAGYU FLAP MEAT IP ",8,2,{"$f":"D46*E46","v":16},null,90]
["TOTAL LOIN THIN MEATS",{"$nulls":4},{"$f":"SUM(F44:F46)","v":96},{"$f":"H47-F47","v":-6},90]
[{"$nulls":7},90]
["LOIN THIN MEATS - COULOTTE","68465-1-ABR","WAGYU CT COULOTTE IP 8PC ",8,6,{"$f":"D49*E49","v":48},null,90]
["LOIN THIN MEATS - COULOTTE","78465-1-ABR","WAGYU CT COULOTTE IP 8PC ",8,3,{"$f":"D50*E50","v":24},null,90]
["LOIN THIN MEATS - COULOTTE","88465-1-ABR","WAGYU CT COULOTTE IP 8PC ",8,2,{"$f":"D51*E51","v":16},null,90]
["LOIN THIN MEATS - COULOTTE","88465-1MX-ABR","WAGYU CT COULOTTE IP 8PC ",8,2,{"$f":"D52*E52","v":16},null,90]
["TOTAL LOIN THIN MEATS - COULOTTE",{"$nulls":4},{"$f":"SUM(F49:F52)","v":104},{"$f":"H53-F53","v":-14},90]
[{"$nulls":7},90]
["LOIN THIN MEATS - FLANK STEAK","69345-1-ABR","WAGYU FLANK STEAK IP",16,3,{"$f":"D55*E55","v":48},null,90]
["LOIN THIN MEATS - FLANK STEAK","79345-1-ABR","WAGYU FLANK STEAK IP",16,2,{"$f":"D56*E56","v":32},null,90]
["LOIN THIN MEATS - FLANK STEAK","89345-1-ABR","WAGYU FLANK STEAK IP",16,2,{"$f":"D57*E57","v":32},null,90]
["TOTAL LOIN THIN MEATS - FLANK STEAK",{"$nulls":4},{"$f":"SUM(F55:F57)","v":112},{"$f":"H58-F58","v":-22},90]
[{"$nulls":7},90]
["LOIN THIN MEATS - HANGING TENDER","89435-1-ABR","WAGYU HANGING TENDER",8,6,{"$f":"D60*E60","v":48},null,90]
["TOTAL LOIN THIN MEATS - HANGING TENDER",{"$nulls":4},{"$f":"SUM(F60:F60)","v":48},{"$f":"H61-F61","v":42},90]
[{"$nulls":7},90]
["LOIN THIN MEATS - TRI TIP","68515-1-ABR","WAGYU TRI TIP 16PC ",16,3,{"$f":"D63*E63","v":48},null,90]
["LOIN THIN MEATS - TRI TIP","78515-1-ABR","WAGYU TRI TIP 16PC ",16,2,{"$f":"D64*E64","v":32},null,90]
["LOIN THIN MEATS - TRI TIP","98535-1-ABR","WAGYU PEELED TRI TIP ",16,1,{"$f":"D65*E65","v":16},null,90]
["TOTAL LOIN THIN MEATS - TRI TIP",{"$nulls":4},{"$f":"SUM(F63:F65)","v":96},{"$f":"H66-F66","v":-6},90]
[{"$nulls":7},{"$f":"H$2","v":90}]
["LOIN TOP BUTT","68485-1-ABR","WAGYU CENTER CUT TOP SIRLOIN ",4,13,{"$f":"D68*E68","v":52},null,90]
["LOIN TOP BUTT","78485-1-ABR","WAGYU CENTER CUT TOP SIRLOIN ",4,8,{"$f":"D69*E69","v":32},null,90]
["LOIN TOP BUTT","88485-1-ABR","WAGYU CENTER CUT TOP SIRLOIN ",4,4,{"$f":"D70*E70","v":16},null,90]
["TOTAL LOIN TOP BUTT",{"$nulls":4},{"$f":"SUM(F68:F70)","v":100},{"$f":"H71-F71","v":-10},90]
[{"$nulls":7},90]
["NAVEL THIN MEATS","62155-1-ABR","WAGYU OUTSIDE SKIRT PEELED ",8,5,{"$f":"D73*E73","v":40},null,90]
["NAVEL THIN MEATS","72155-1-ABR","WAGYU OUTSIDE SKIRT PEELED ",8,4,{"$f":"D74*E74","v":32},null,90]
["NAVEL THIN MEATS","82155-1-ABR","WAGYU OUTSIDE SKIRT PEELED ",8,2,{"$f":"D75*E75","v":16},null,90]
["NAVEL THIN MEATS","62195-1MX-ABR","WAGYU INSIDE SKIRT PEELED",12,3,{"$f":"D76*E76","v":36},null,90]
["NAVEL THIN MEATS","72195-1MX-ABR","WAGYU INSIDE SKIRT PEELED",12,3,{"$f":"D77*E77","v":36},null,90]
["NAVEL THIN MEATS","82195-1-ABR","WAGYU INSIDE SKIRT PEELED",12,2,{"$f":"D78*E78","v":24},null,90]
["NAVEL THIN MEATS","62395-1-ABR","WAGYU BONELESS SHORT RIB ",16,2,{"$f":"D79*E79","v":32},null,90]
["NAVEL THIN MEATS","72395-1-ABR","WAGYU BONELESS SHORT RIB ",16,2,{"$f":"D80*E80","v":32},null,90]
["TOTAL NAVEL THIN MEATS",{"$nulls":4},{"$f":"SUM(F73:F80)","v":248},{"$f":"H81-F81","v":-158},90]
[{"$nulls":7},90]
["NAVEL THIN MEATS - SHORT RIB","22332-43-BAJA","123A BONE IN SHORT RIB IP 10PC CH",10,1,{"$f":"D83*E83","v":10},null,90]
["TOTAL NAVEL THIN MEATS - SHORT RIB",{"$nulls":4},{"$f":"SUM(F83:F83)","v":10},{"$f":"H84-F84","v":80},90]
[{"$nulls":7},90]
["PLATE THIN MEATS","42535-72-BAJA","PLATE FINGER MEAT FZ",144,2,{"$f":"D86*E86","v":288},null,90]
["PLATE THIN MEATS","82555-1-ABR","WAGYU RIB FINGER MEAT",96,3,{"$f":"D87*E87","v":288},null,90]
["TOTAL PLATE THIN MEATS",{"$nulls":4},{"$f":"SUM(F86:F87)","v":576},{"$f":"H88-F88","v":-486},90]
[{"$nulls":7},90]
["RIB","80363-1MX-ABR","WAGYU RIB 109E LONG BONE FRENCHED 1PC ",1,2,{"$f":"D90*E90","v":2},null,90]
["RIB","60955-1-ABR","WAGYU EXPORT RIB 2PC ",2,1,{"$f":"D91*E91","v":2},null,90]
["RIB","61235-1-ABR","WAGYU RIBEYE LIPON ",2,23,{"$f":"D92*E92","v":46},null,90]
["RIB","71235-1-ABR","WAGYU RIBEYE LIPON ",2,15,{"$f":"D93*E93","v":30},null,90]
["RIB","91235-1-ABR","WAGYU RIBEYE LIPON ",2,1,{"$f":"D94*E94","v":2},null,90]
["RIB","81285-1MX-ABR","WAGYU RIBEYE ROLL LIP OFF ",4,2,{"$f":"D95*E95","v":8},null,90]
["TOTAL RIB",{"$nulls":4},{"$f":"SUM(F90:F95)","v":90},{"$f":"H96-F96","v":0},90]
[{"$nulls":7},90]
["RIB THIN MEATS - LIFTER MEAT","82955-1-ABR","WAGYU LIFTER MEAT",72,7,{"$f":"D98*E98","v":504},null,90]
["TOTAL RIB THIN MEATS - LIFTER MEAT",{"$nulls":4},{"$f":"SUM(F98:F98)","v":504},{"$f":"H99-F99","v":-414},90]
[{"$nulls":7},90]
["RIB THIN MEATS - MEATY BACK RIB","62435-3-ABR","WAGYU MEATY BACK RIB 8PC ",8,7,{"$f":"D101*E101","v":56},null,90]
["RIB THIN MEATS - MEATY BACK RIB","72435-3-ABR","WAGYU MEATY BACK RIB 8PC ",8,4,{"$f":"D102*E102","v":32},null,90]
["TOTAL RIB THIN MEATS - MEATY BACK RIB",{"$nulls":4},{"$f":"SUM(F101:F102)","v":88},{"$f":"H103-F103","v":2},90]
[{"$nulls":7},90]
["ROUND EYE","67255-3-ABR","WAGYU EYE ROUND DENUDED 6PC",6,9,{"$f":"D105*E105","v":54},null,90]
["ROUND EYE","77255-3-ABR","WAGYU EYE ROUND DENUDED 6PC",6,5,{"$f":"D106*E106","v":30},null,90]
["ROUND EYE","87255-3-ABR","WAGYU EYE ROUND DENUDED 6PC",6,2,{"$f":"D107*E107","v":12},null,90]
["TOTAL ROUND EYE",{"$nulls":4},{"$f":"SUM(F105:F107)","v":96},{"$f":"H108-F108","v":-6},90]
[{"$nulls":7},90]
["ROUND INSIDE","66965-1-ABR","WAGYU INSIDE RND C/OFF DENUDED SMO",2,25,{"$f":"D110*E110","v":50},null,90]
["ROUND INSIDE","76965-1-ABR","WAGYU INSIDE RND C/OFF DENUDED SMO",2,14,{"$f":"D111*E111","v":28},null,90]
["ROUND INSIDE","86965-1-ABR","WAGYU INSIDE RND C/OFF DENUDED SMO",2,5,{"$f":"D112*E112","v":10},null,90]
["TOTAL ROUND INSIDE",{"$nulls":4},{"$f":"SUM(F110:F112)","v":88},{"$f":"H113-F113","v":2},90]
[{"$nulls":7},90]
["TENDER","68935-1-ABR","WAGYU TENDERLOIN 189A 4PC ",4,7,{"$f":"D115*E115","v":28},null,90]
["TENDER","68935-H1-ABR","WAGYU TENDERLOIN 189A (HALAL) 4PC ",4,5,{"$f":"D116*E116","v":20},null,90]
["TENDER","78935-1-ABR","WAGYU TENDERLOIN 189A 4PC ",4,8,{"$f":"D117*E117","v":32},null,90]
["TENDER","88935-1-ABR","WAGYU TENDERLOIN 189A 4PC ",4,2,{"$f":"D118*E118","v":8},null,90]
["TOTAL TENDER",{"$nulls":4},{"$f":"SUM(F115:F118)","v":88},{"$f":"H119-F119","v":2},90]
[{"$nulls":7},90]
["TRIM 50/50","49500-5-BAJA","TRIM 50/50 (T) BN",18,6,{"$f":"D121*E121","v":108},null,90]
["TOTAL TRIM 50/50",{"$nulls":4},{"$f":"SUM(F121:F121)","v":108},{"$f":"H122-F122","v":-18},90]
[{"$nulls":7},90]
["TRIM 75/25","49753-52-ABR","WAGYU TRIM 75/25 (W)(T) FZ",50,175,{"$f":"D124*E124","v":8750},null,90]
["TOTAL TRIM 75/25",{"$nulls":4},{"$f":"SUM(F124:F124)","v":8750},{"$f":"H125-F125","v":-8660},90]
[{"$nulls":7},90]
[{"$nulls":7},90]
[{"$nulls":7},90]
[{"$nulls":7},90]
[{"$nulls":7},90]
[{"$nulls":7},{"$f":"H$2","v":90}]
[{"$nulls":7},90]
[{"$nulls":7},90]
[{"$nulls":7},90]
[{"$nulls":7},90]
[{"$nulls":7},90]
[{"$nulls":7},90]
[{"$nulls":7},90]
[{"$nulls":7},90]
[{"$nulls":7},90]
[{"$nulls":7},90]
[{"$nulls":7},90]
[{"$nulls":7},90]
[{"$nulls":7},90]
[{"$nulls":7},90]
[{"$nulls":7},90]
[{"$nulls":7},90]
[{"$nulls":7},90]
[{"$nulls":7},90]
[{"$nulls":7},90]
[{"$nulls":7},90]
[{"$nulls":7},90]
[{"$nulls":7},90]
[{"$nulls":7},90]
[{"$nulls":7},90]
[{"$nulls":7},90]
[{"$nulls":7},90]
[{"$nulls":7},90]
[{"$nulls":7},90]
[{"$nulls":7},90]
[{"$nulls":7},90]
[{"$nulls":7},90]
[{"$nulls":7},90]
[{"$nulls":7},90]
[{"$nulls":7},90]
[{"$nulls":7},90]
[{"$nulls":7},90]
[{"$nulls":7},90]
[{"$nulls":7},90]
[{"$nulls":7},90]
[{"$nulls":7},90]
[{"$nulls":7},90]
[{"$nulls":7},90]
[{"$nulls":7},90]
[{"$nulls":7},90]
[{"$nulls":7},90]
[{"$nulls":7},90]
[{"$nulls":7},90]
[{"$nulls":7},90]
[{"$nulls":7},90]
[{"$nulls":7},90]
[{"$nulls":7},90]
[{"$nulls":7},90]
[{"$nulls":7},90]
[{"$nulls":7},90]
[{"$nulls":7},90]
[{"$nulls":7},90]
[{"$nulls":7},90]
[{"$nulls":7},90]
[{"$nulls":7},90]
[{"$nulls":7},90]
[{"$nulls":7},90]
[{"$nulls":7},90]
[{"$nulls":7},90]
[{"$nulls":7},{"$f":"H$2","v":90}]
[{"$nulls":7},90]
[{"$nulls":7},90]
[{"$nulls":7},90]
[{"$nulls":7},90]
[{"$nulls":7},90]
[{"$nulls":7},90]
[{"$nulls":7},90]
[{"$nulls":7},90]
[{"$nulls":7},90]
[{"$nulls":7},90]
[{"$nulls":7},90]
[{"$nulls":7},90]
[{"$nulls":7},90]
[{"$nulls":7},90]
[{"$nulls":7},90]
[{"$nulls":7},90]
[{"$nulls":7},90]
[{"$nulls":7},90]
[{"$nulls":7},90]
[{"$nulls":7},90]
[{"$nulls":7},90]
[{"$nulls":7},90]
[{"$nulls":7},90]
[{"$nulls":7},90]
[{"$nulls":7},90]
[{"$nulls":7},90]
[{"$nulls":7},90]
[{"$nulls":7},90]
[{"$nulls":7},90]
[{"$nulls":7},90]
[{"$nulls":7},90]
[{"$nulls":7},90]
[{"$nulls":7},90]
[{"$nulls":7},90]
[{"$nulls":7},90]
[{"$nulls":7},90]
[{"$nulls":7},90]
[{"$nulls":7},90]
[{"$nulls":7},90]
[{"$nulls":7},90]
[{"$nulls":7},90]
[{"$nulls":7},90]
[{"$nulls":7},90]
[{"$nulls":7},90]
[{"$nulls":7},90]
[{"$nulls":7},90]
[{"$nulls":7},90]
[{"$nulls":7},90]
[{"$nulls":7},90]
[{"$nulls":7},90]
[{"$nulls":7},90]
[{"$nulls":7},90]
[{"$nulls":7},90]
[{"$nulls":7},90]
[{"$nulls":7},90]
[{"$nulls":7},90]
[{"$nulls":7},90]
[{"$nulls":7},90]
[{"$nulls":7},90]
[{"$nulls":7},90]
[{"$nulls":7},90]
[{"$nulls":7},90]
[{"$nulls":7},90]
[{"$nulls":7},{"$f":"H$2","v":90}]
[{"$nulls":7},90]
[{"$nulls":7},90]
[{"$nulls":7},90]
[{"$nulls":7},90]
[{"$nulls":7},90]
[{"$nulls":7},90]
[{"$nulls":7},90]
[{"$nulls":7},90]
[{"$nulls":7},90]
[{"$nulls":7},90]
[{"$nulls":7},90]
[{"$nulls":7},90]
[{"$nulls":7},90]
[{"$nulls":7},90]
[{"$nulls":7},90]
[{"$nulls":7},90]
[{"$nulls":7},90]
[{"$nulls":7},90]
[{"$nulls":7},90]
[{"$nulls":7},90]
[{"$nulls":7},90]
[{"$nulls":7},90]
[{"$nulls":7},90]
[{"$nulls":7},90]
[{"$nulls":7},90]
[{"$nulls":7},90]
[{"$nulls":7},90]
[{"$nulls":7},90]
[{"$nulls":7},90]
[{"$nulls":7},90]
[{"$nulls":7},90]
[{"$nulls":7},90]
[{"$nulls":7},90]
[{"$nulls":7},90]
[{"$nulls":7},90]
[{"$nulls":7},90]
[{"$nulls":7},90]
[{"$nulls":7},90]
[{"$nulls":7},90]
[{"$nulls":7},90]
[{"$nulls":7},90]
[{"$nulls":7},90]
[{"$nulls":7},90]
[{"$nulls":7},90]
[{"$nulls":7},90]
[{"$nulls":7},90]
[{"$nulls":7},90]
[{"$nulls":7},90]
[{"$nulls":7},90]
[{"$nulls":7},90]
[{"$nulls":7},90]
[{"$nulls":7},90]
[{"$nulls":7},90]
[{"$nulls":7},90]
[{"$nulls":7},90]
[{"$nulls":7},90]
[{"$nulls":7},90]
[{"$nulls":7},90]
[{"$nulls":7},90]
[{"$nulls":7},90]
[{"$nulls":7},90]
[{"$nulls":7},90]
[{"$nulls":7},90]
[{"$nulls":7},{"$f":"H$2","v":90}]
[{"$nulls":7},90]
[{"$nulls":7},90]
[{"$nulls":7},90]
[{"$nulls":7},90]
[{"$nulls":7},90]
[{"$nulls":7},90]
[{"$nulls":7},90]
[{"$nulls":7},90]
[{"$nulls":7},90]
[{"$nulls":7},90]
[{"$nulls":7},90]
[{"$nulls":7},90]
[{"$nulls":7},90]
[{"$nulls":7},90]
[{"$nulls":7},90]
[{"$nulls":7},90]
[{"$nulls":7},90]
[{"$nulls":7},90]
[{"$nulls":7},90]
[{"$nulls":7},90]
[{"$nulls":7},90]
[{"$nulls":7},90]
[{"$nulls":7},90]
[{"$nulls":7},90]
[{"$nulls":7},90]
[{"$nulls":7},90]
[{"$nulls":7},90]
[{"$nulls":7},90]
[{"$nulls":7},90]
[{"$nulls":7},90]
[{"$nulls":7},90]
[{"$nulls":7},90]
[{"$nulls":7},90]
[{"$nulls":7},90]
[{"$nulls":7},90]
[{"$nulls":7},90]
[{"$nulls":7},90]
[{"$nulls":7},90]
[{"$nulls":7},90]
[{"$nulls":7},90]
[{"$nulls":7},90]
[{"$nulls":7},90]
[{"$nulls":7},90]
[{"$nulls":7},90]
[{"$nulls":7},90]
[{"$nulls":7},90]
[{"$nulls":7},90]
[{"$nulls":7},90]
[{"$nulls":7},90]
[{"$nulls":7},90]
[{"$nulls":7},90]
[{"$nulls":7},90]
[{"$nulls":7},90]
[{"$nulls":7},90]
[{"$nulls":7},90]
[{"$nulls":7},90]
[{"$nulls":7},90]
[{"$nulls":7},90]
[{"$nulls":7},90]
[{"$nulls":7},90]
[{"$nulls":7},90]
[{"$nulls":7},90]
[{"$nulls":7},90]
[{"$nulls":7},{"$f":"H$2","v":90}]
[{"$nulls":7},90]
[{"$nulls":7},90]
[{"$nulls":7},90]
[{"$nulls":7},90]
[{"$nulls":7},90]
[{"$nulls":7},90]
[{"$nulls":7},90]
[{"$nulls":7},90]
[{"$nulls":7},90]
[{"$nulls":7},90]
[{"$nulls":7},90]
[{"$nulls":7},90]
[{"$nulls":7},90]
[{"$nulls":7},90]
[{"$nulls":7},90]
[{"$nulls":7},90]
[{"$nulls":7},90]
[{"$nulls":7},90]
[{"$nulls":7},90]
[{"$nulls":7},90]
[{"$nulls":7},90]
[{"$nulls":7},90]
[{"$nulls":7},90]
[{"$nulls":7},90]
[{"$nulls":7},90]
[{"$nulls":7},90]
[{"$nulls":7},90]
[{"$nulls":7},90]
[{"$nulls":7},90]
[{"$nulls":7},90]
[{"$nulls":7},90]
[{"$nulls":7},90]
[{"$nulls":7},90]
[{"$nulls":7},90]
[{"$nulls":7},90]
[{"$nulls":7},90]
[{"$nulls":7},90]
[{"$nulls":7},90]
[{"$nulls":7},90]
[{"$nulls":7},90]
[{"$nulls":7},90]
[{"$nulls":7},90]
[{"$nulls":7},90]
[{"$nulls":7},90]
[{"$nulls":7},90]
[{"$nulls":7},90]
[{"$nulls":7},90]
[{"$nulls":7},90]
[{"$nulls":7},90]
[{"$nulls":7},90]
[{"$nulls":7},90]
[{"$nulls":7},90]
[{"$nulls":7},90]
[{"$nulls":7},90]
[{"$nulls":7},90]
[{"$nulls":7},90]
[{"$nulls":7},90]
[{"$nulls":7},90]
[{"$nulls":7},90]
[{"$nulls":7},90]
[{"$nulls":7},90]
[{"$nulls":7},90]
[{"$nulls":7},90]
[{"$nulls":7},{"$f":"H$2","v":90}]
[{"$nulls":7},90]
[{"$nulls":7},90]
[{"$nulls":7},90]
[{"$nulls":7},90]
[{"$nulls":7},90]
[{"$nulls":7},90]
[{"$nulls":7},90]
[{"$nulls":7},90]
[{"$nulls":7},90]
[{"$nulls":7},90]
[{"$nulls":7},90]
[{"$nulls":7},90]
[{"$nulls":7},90]
[{"$nulls":7},90]
[{"$nulls":7},90]
[{"$nulls":7},90]
[{"$nulls":7},90]
[{"$nulls":7},90]
[{"$nulls":7},90]
[{"$nulls":7},90]
[{"$nulls":7},90]
[{"$nulls":7},90]
[{"$nulls":7},90]
[{"$nulls":7},90]
[{"$nulls":7},90]
[{"$nulls":7},90]
[{"$nulls":7},90]
[{"$nulls":7},90]
[{"$nulls":7},90]
[{"$nulls":7},90]
[{"$nulls":7},90]
[{"$nulls":7},90]
[{"$nulls":7},90]
[{"$nulls":7},90]
[{"$nulls":7},90]
[{"$nulls":7},90]
[{"$nulls":7},90]
[{"$nulls":7},90]
[{"$nulls":7},90]
[{"$nulls":7},90]
[{"$nulls":7},90]
[{"$nulls":7},90]
[{"$nulls":7},90]
[{"$nulls":7},90]
[{"$nulls":7},90]
[{"$nulls":7},90]
[{"$nulls":7},90]
[{"$nulls":7},90]
[{"$nulls":7},90]
[{"$nulls":7},90]
[{"$nulls":7},90]
[{"$nulls":7},90]
[{"$nulls":7},90]
[{"$nulls":7},90]
[{"$nulls":7},90]
[{"$nulls":7},90]
[{"$nulls":7},90]
[{"$nulls":7},90]
[{"$nulls":7},90]
[{"$nulls":7},90]
[{"$nulls":7},90]
[{"$nulls":7},90]
[{"$nulls":7},90]
[{"$nulls":7},{"$f":"H$2","v":90}]
[{"$nulls":7},90]
[{"$nulls":7},90]
[{"$nulls":7},90]
[{"$nulls":7},90]
[{"$nulls":7},90]
[{"$nulls":7},90]
[{"$nulls":7},90]
[{"$nulls":7},90]
[{"$nulls":7},90]
[{"$nulls":7},90]
[{"$nulls":7},90]
[{"$nulls":7},90]
[{"$nulls":7},90]
[{"$nulls":7},90]
[{"$nulls":7},90]
[{"$nulls":7},90]
[{"$nulls":7},90]
[{"$nulls":7},90]
[{"$nulls":7},90]
[{"$nulls":7},90]
[{"$nulls":7},90]
[{"$nulls":7},90]
[{"$nulls":7},90]
[{"$nulls":7},90]
[{"$nulls":7},90]
[{"$nulls":7},90]
[{"$nulls":7},90]
[{"$nulls":7},90]
[{"$nulls":7},90]
[{"$nulls":7},90]
[{"$nulls":7},90]
[{"$nulls":7},90]
[{"$nulls":7},90]
[{"$nulls":7},90]
[{"$nulls":7},90]
[{"$nulls":7},90]
[{"$nulls":7},90]
[{"$nulls":7},90]
[{"$nulls":7},90]
[{"$nulls":7},90]
[{"$nulls":7},90]
[{"$nulls":7},90]
[{"$nulls":7},90]
[{"$nulls":7},90]
[{"$nulls":7},90]
[{"$nulls":7},90]
[{"$nulls":7},90]
[{"$nulls":7},90]
[{"$nulls":7},90]
[{"$nulls":7},90]
[{"$nulls":7},90]
[{"$nulls":7},90]
[{"$nulls":7},90]
[{"$nulls":7},90]
[{"$nulls":7},90]
[{"$nulls":7},90]
[{"$nulls":7},90]
[{"$nulls":7},90]
[{"$nulls":7},90]
[{"$nulls":7},90]
[{"$nulls":7},90]
[{"$nulls":7},90]
[{"$nulls":7},90]
[{"$nulls":7},{"$f":"H$2","v":90}]
[{"$nulls":7},90]
[{"$nulls":7},90]
[{"$nulls":7},90]
[{"$nulls":7},90]
[{"$nulls":7},90]
[{"$nulls":7},90]
[{"$nulls":7},90]
[{"$nulls":7},90]
[{"$nulls":7},90]
[{"$nulls":7},90]
[{"$nulls":7},90]
[{"$nulls":7},90]
[{"$nulls":7},90]
[{"$nulls":7},90]
[{"$nulls":7},90]
[{"$nulls":7},90]
[{"$nulls":7},90]
[{"$nulls":7},90]
[{"$nulls":7},90]
[{"$nulls":7},90]
[{"$nulls":7},90]
[{"$nulls":7},90]
[{"$nulls":7},90]
[{"$nulls":7},90]
[{"$nulls":7},90]
[{"$nulls":7},90]
[{"$nulls":7},90]
[{"$nulls":7},90]
[{"$nulls":7},90]
[{"$nulls":7},90]
[{"$nulls":7},90]
[{"$nulls":7},90]
[{"$nulls":7},90]
[{"$nulls":7},90]
[{"$nulls":7},90]
[{"$nulls":7},90]
[{"$nulls":7},90]
[{"$nulls":7},90]
[{"$nulls":7},90]
[{"$nulls":7},90]
[{"$nulls":7},90]
[{"$nulls":7},90]
[{"$nulls":7},90]
[{"$nulls":7},90]
[{"$nulls":7},90]
[{"$nulls":7},90]
[{"$nulls":7},90]
[{"$nulls":7},90]
[{"$nulls":7},90]
[{"$nulls":7},90]
[{"$nulls":7},90]
[{"$nulls":7},90]
[{"$nulls":7},90]
[{"$nulls":7},90]
[{"$nulls":7},90]
[{"$nulls":7},90]
[{"$nulls":7},90]
[{"$nulls":7},90]
[{"$nulls":7},90]
[{"$nulls":7},90]
[{"$nulls":7},90]
[{"$nulls":7},90]
[{"$nulls":7},90]
[{"$nulls":7},{"$f":"H$2","v":90}]
[{"$nulls":7},90]
[{"$nulls":7},90]
[{"$nulls":7},90]
[{"$nulls":7},90]
[{"$nulls":7},90]
[{"$nulls":7},90]
[{"$nulls":7},90]
[{"$nulls":7},90]
[{"$nulls":7},90]
[{"$nulls":7},90]
[{"$nulls":7},90]
[{"$nulls":7},90]
[{"$nulls":7},90]
[{"$nulls":7},90]
[{"$nulls":7},90]
[{"$nulls":7},90]
[{"$nulls":7},90]
[{"$nulls":7},90]
[{"$nulls":7},90]
[{"$nulls":7},90]
[{"$nulls":7},90]
[{"$nulls":7},90]
[{"$nulls":7},90]
[{"$nulls":7},90]
[{"$nulls":7},90]
[{"$nulls":7},90]
[{"$nulls":7},90]
[{"$nulls":7},90]
[{"$nulls":7},90]
[{"$nulls":7},90]
[{"$nulls":7},90]
[{"$nulls":7},90]
[{"$nulls":7},90]
[{"$nulls":7},90]
[{"$nulls":7},90]
[{"$nulls":7},90]
[{"$nulls":7},90]
[{"$nulls":7},90]
[{"$nulls":7},90]
[{"$nulls":7},90]
[{"$nulls":7},90]
[{"$nulls":7},90]
[{"$nulls":7},90]
[{"$nulls":7},90]
[{"$nulls":7},90]
[{"$nulls":7},90]
[{"$nulls":7},90]
[{"$nulls":7},90]
[{"$nulls":7},90]
[{"$nulls":7},90]
[{"$nulls":7},90]
[{"$nulls":7},90]
[{"$nulls":7},90]
[{"$nulls":7},90]
[{"$nulls":7},90]
[{"$nulls":7},90]
[{"$nulls":7},90]
[{"$nulls":7},90]
[{"$nulls":7},90]
[{"$nulls":7},90]
[{"$nulls":7},90]
[{"$nulls":7},90]
[{"$nulls":7},90]
[{"$nulls":7},{"$f":"H$2","v":90}]
[{"$nulls":7},90]
[{"$nulls":7},90]
[{"$nulls":7},90]
[{"$nulls":7},90]
[{"$nulls":7},90]
[{"$nulls":7},90]
[{"$nulls":7},90]
[{"$nulls":7},90]
[{"$nulls":7},90]
[{"$nulls":7},90]
[{"$nulls":7},90]
[{"$nulls":7},90]
[{"$nulls":7},90]
[{"$nulls":7},90]
[{"$nulls":7},90]
[{"$nulls":7},90]
[{"$nulls":7},90]
[{"$nulls":7},90]
[{"$nulls":7},90]
[{"$nulls":7},90]
[{"$nulls":7},90]
[{"$nulls":7},90]
[{"$nulls":7},90]
[{"$nulls":7},90]
[{"$nulls":7},90]
[{"$nulls":7},90]
[{"$nulls":7},90]
[{"$nulls":7},90]
[{"$nulls":7},90]
[{"$nulls":7},90]
[{"$nulls":7},90]
[{"$nulls":7},90]
[{"$nulls":7},90]
[{"$nulls":7},90]
[{"$nulls":7},90]
[{"$nulls":7},90]
[{"$nulls":7},90]
[{"$nulls":7},90]
[{"$nulls":7},90]
[{"$nulls":7},90]
[{"$nulls":7},90]
[{"$nulls":7},90]
[{"$nulls":7},90]
[{"$nulls":7},90]
[{"$nulls":7},90]
[{"$nulls":7},90]
[{"$nulls":7},90]
[{"$nulls":7},90]
[{"$nulls":7},90]
[{"$nulls":7},90]
[{"$nulls":7},90]
[{"$nulls":7},90]
[{"$nulls":7},90]
[{"$nulls":7},90]
[{"$nulls":7},90]
[{"$nulls":7},90]
[{"$nulls":7},90]
[{"$nulls":7},90]
[{"$nulls":7},90]
[{"$nulls":7},90]
[{"$nulls":7},90]
[{"$nulls":7},90]
[{"$nulls":7},90]
[{"$nulls":7},{"$f":"H$2","v":90}]
[{"$nulls":7},90]
[{"$nulls":7},90]
[{"$nulls":7},90]
[{"$nulls":7},90]
[{"$nulls":7},90]
[{"$nulls":7},90]
[{"$nulls":7},90]
[{"$nulls":7},90]
[{"$nulls":7},90]
[{"$nulls":7},90]
[{"$nulls":7},90]
[{"$nulls":7},90]
[{"$nulls":7},90]
[{"$nulls":7},90]
[{"$nulls":7},90]
[{"$nulls":7},90]
[{"$nulls":7},90]
[{"$nulls":7},90]
[{"$nulls":7},90]
[{"$nulls":7},90]
[{"$nulls":7},90]
[{"$nulls":7},90]
[{"$nulls":7},90]
[{"$nulls":7},90]
[{"$nulls":7},90]
[{"$nulls":7},90]
[{"$nulls":7},90]
[{"$nulls":7},90]
[{"$nulls":7},90]
[{"$nulls":7},90]
[{"$nulls":7},90]
[{"$nulls":7},90]
[{"$nulls":7},90]
[{"$nulls":7},90]
[{"$nulls":7},90]
[{"$nulls":7},90]
[{"$nulls":7},90]
[{"$nulls":7},90]
[{"$nulls":7},90]
[{"$nulls":7},90]
[{"$nulls":7},90]
[{"$nulls":7},90]
[{"$nulls":7},90]
[{"$nulls":7},90]
[{"$nulls":7},90]
[{"$nulls":7},90]
[{"$nulls":7},90]
[{"$nulls":7},90]
[{"$nulls":7},90]
[{"$nulls":7},90]
[{"$nulls":7},90]
[{"$nulls":7},90]
[{"$nulls":7},90]
[{"$nulls":7},90]
[{"$nulls":7},90]
[{"$nulls":7},90]
[{"$nulls":7},90]
[{"$nulls":7},90]
[{"$nulls":7},90]
[{"$nulls":7},90]
[{"$nulls":7},90]
[{"$nulls":7},90]
[{"$nulls":7},90]
[{"$nulls":7},{"$f":"H$2","v":90}]
[{"$nulls":7},90]
[{"$nulls":7},90]
[{"$nulls":7},90]
[{"$nulls":7},90]
[{"$nulls":7},90]
[{"$nulls":7},90]
[{"$nulls":7},90]
[{"$nulls":7},90]
[{"$nulls":7},90]
[{"$nulls":7},90]
[{"$nulls":7},90]
[{"$nulls":7},90]
[{"$nulls":7},90]
[{"$nulls":7},90]
[{"$nulls":7},90]
[{"$nulls":7},90]
[{"$nulls":7},90]
[{"$nulls":7},90]
[{"$nulls":7},90]
[{"$nulls":7},90]
[{"$nulls":7},90]
[{"$nulls":7},90]
[{"$nulls":7},90]
[{"$nulls":7},90]
[{"$nulls":7},90]
[{"$nulls":7},90]
[{"$nulls":7},90]
[{"$nulls":7},90]
[{"$nulls":7},90]
[{"$nulls":7},90]
[{"$nulls":7},90]
[{"$nulls":7},90]
[{"$nulls":7},90]
[{"$nulls":7},90]
[{"$nulls":7},90]
[{"$nulls":7},90]
[{"$nulls":7},90]
[{"$nulls":7},90]
[{"$nulls":7},90]
[{"$nulls":7},90]
[{"$nulls":7},90]
[{"$nulls":7},90]
[{"$nulls":7},90]
[{"$nulls":7},90]
[{"$nulls":7},90]
[{"$nulls":7},90]
[{"$nulls":7},90]
[{"$nulls":7},90]
[{"$nulls":7},90]
[{"$nulls":7},90]
[{"$nulls":7},90]
[{"$nulls":7},90]
[{"$nulls":7},90]
[{"$nulls":7},90]
[{"$nulls":7},90]
[{"$nulls":7},90]
[{"$nulls":7},90]
[{"$nulls":7},90]
[{"$nulls":7},90]
[{"$nulls":7},90]
[{"$nulls":7},90]
[{"$nulls":7},90]
[{"$nulls":7},90]
[{"$nulls":7},{"$f":"H$2","v":90}]
[{"$nulls":7},90]
[{"$nulls":7},90]
[{"$nulls":7},90]
[{"$nulls":7},90]
[{"$nulls":7},90]
[{"$nulls":7},90]
[{"$nulls":7},90]
[{"$nulls":7},90]
[{"$nulls":7},90]
[{"$nulls":7},90]
[{"$nulls":7},90]
[{"$nulls":7},90]
[{"$nulls":7},90]
[{"$nulls":7},90]
[{"$nulls":7},90]
[{"$nulls":7},90]
[{"$nulls":7},90]
[{"$nulls":7},90]
[{"$nulls":7},90]
[{"$nulls":7},90]
[{"$nulls":7},90]
[{"$nulls":7},90]
[{"$nulls":7},90]
[{"$nulls":7},90]
[{"$nulls":7},90]
[{"$nulls":7},90]
[{"$nulls":7},90]
[{"$nulls":7},90]
[{"$nulls":7},90]
[{"$nulls":7},90]
[{"$nulls":7},90]
[{"$nulls":7},90]
[{"$nulls":7},90]
[{"$nulls":7},90]
[{"$nulls":7},90]
[{"$nulls":7},90]
[{"$nulls":7},90]
[{"$nulls":7},90]
[{"$nulls":7},90]
[{"$nulls":7},90]
[{"$nulls":7},90]
[{"$nulls":7},90]
[{"$nulls":7},90]
[{"$nulls":7},90]
[{"$nulls":7},90]
[{"$nulls":7},90]
[{"$nulls":7},90]
[{"$nulls":7},90]
[{"$nulls":7},90]
[{"$nulls":7},90]
[{"$nulls":7},90]
[{"$nulls":7},90]
[{"$nulls":7},90]
[{"$nulls":7},90]
[{"$nulls":7},90]
[{"$nulls":7},90]
[{"$nulls":7},90]
[{"$nulls":7},90]
[{"$nulls":7},90]
[{"$nulls":7},90]
[{"$nulls":7},90]
[{"$nulls":7},90]
[{"$nulls":7},90]
[{"$nulls":7},{"$f":"H$2","v":90}]
[{"$nulls":7},90]
[{"$nulls":7},90]
[{"$nulls":7},90]
[{"$nulls":7},90]
[{"$nulls":7},90]
[{"$nulls":7},90]
[{"$nulls":7},90]
[{"$nulls":7},90]
[{"$nulls":7},90]
[{"$nulls":7},90]
[{"$nulls":7},90]
[{"$nulls":7},90]
[{"$nulls":7},90]
[{"$nulls":7},90]
[{"$nulls":7},90]
[{"$nulls":7},90]
[{"$nulls":7},90]
[{"$nulls":7},90]
[{"$nulls":7},90]
[{"$nulls":7},90]
[{"$nulls":7},90]
[{"$nulls":7},90]
[{"$nulls":7},90]
[{"$nulls":7},90]
[{"$nulls":7},90]
[{"$nulls":7},90]
[{"$nulls":7},90]
[{"$nulls":7},90]
[{"$nulls":7},90]
[{"$nulls":7},90]
[{"$nulls":7},90]
[{"$nulls":7},90]
[{"$nulls":7},90]
[{"$nulls":7},90]
[{"$nulls":7},90]
[{"$nulls":7},90]
[{"$nulls":7},90]